<?xml version="1.0" encoding="UTF-8"?>
<record
    xmlns:xsi="http://www.w3.org/2001/XMLSchema-instance"
    xsi:schemaLocation="http://www.loc.gov/MARC21/slim http://www.loc.gov/standards/marcxml/schema/MARC21slim.xsd"
    xmlns="http://www.loc.gov/MARC21/slim">

  <leader>00564    a2200217   4500</leader>
  <controlfield tag="001">110802</controlfield>
  <datafield tag="020" ind1=" " ind2=" ">
    <subfield code="a">9780133126082</subfield>
  </datafield>
  <datafield tag="041" ind1=" " ind2=" ">
    <subfield code="a">eng</subfield>
  </datafield>
  <datafield tag="082" ind1=" " ind2=" ">
    <subfield code="a">500</subfield>
  </datafield>
  <datafield tag="100" ind1=" " ind2=" ">
    <subfield code="a">Johason, Terry [et. al.]</subfield>
  </datafield>
  <datafield tag="250" ind1=" " ind2=" ">
    <subfield code="a">. ed.</subfield>
  </datafield>
  <datafield tag="300" ind1=" " ind2=" ">
    <subfield code="a">340 p</subfield>
  </datafield>
  <datafield tag="697" ind1=" " ind2=" ">
    <subfield code="a">Science - Study and teaching.</subfield>
  </datafield>
  <datafield tag="700" ind1=" " ind2=" ">
    <subfield code="a">Terry Johanson et al.</subfield>
  </datafield>
  <datafield tag="856" ind1=" " ind2=" ">
    <subfield code="u">000001/00000134.jpg</subfield>
  </datafield>
  <datafield tag="040" ind1=" " ind2=" ">
    <subfield code="a">BR-BrIDEA</subfield>
    <subfield code="c">BR-BrIDEA</subfield>
  </datafield>
  <datafield tag="090" ind1=" " ind2=" ">
    <subfield code="a">P Year 6 500</subfield>
    <subfield code="b">JOH</subfield>
  </datafield>
  <datafield tag="245" ind1="1" ind2="0">
    <subfield code="a">Pearson science 6</subfield>
    <subfield code="b">Saskatchewan edition</subfield>
    <subfield code="c">Terry Johanson et al</subfield>
  </datafield>
  <datafield tag="260" ind1=" " ind2=" ">
    <subfield code="a">Canada</subfield>
    <subfield code="b">Pearson Canada</subfield>
    <subfield code="c">2013</subfield>
  </datafield>
  <datafield tag="942" ind1=" " ind2=" ">
    <subfield code="c">BK</subfield>
  </datafield>
  <datafield tag="952" ind1=" " ind2=" ">
    <subfield code="0">0</subfield>
    <subfield code="1">0</subfield>
    <subfield code="2">ddc</subfield>
    <subfield code="4">0</subfield>
    <subfield code="7">0</subfield>
    <subfield code="a">12.28</subfield>
    <subfield code="b">12.28</subfield>
    <subfield code="d">2019-04-10</subfield>
    <subfield code="l">1</subfield>
    <subfield code="o">P Year 6 500</subfield>
    <subfield code="p">00043599SSW</subfield>
    <subfield code="q">2024-11-29</subfield>
    <subfield code="r">2024-02-22 14:46:21</subfield>
    <subfield code="s">2024-02-22</subfield>
    <subfield code="w">2024-01-23</subfield>
    <subfield code="y">TXB</subfield>
  </datafield>
  <datafield tag="952" ind1=" " ind2=" ">
    <subfield code="0">0</subfield>
    <subfield code="1">0</subfield>
    <subfield code="2">ddc</subfield>
    <subfield code="4">0</subfield>
    <subfield code="7">0</subfield>
    <subfield code="a">12.28</subfield>
    <subfield code="b">12.28</subfield>
    <subfield code="d">2019-04-10</subfield>
    <subfield code="l">1</subfield>
    <subfield code="o">P Year 6 500</subfield>
    <subfield code="p">00043607SSW</subfield>
    <subfield code="q">2024-11-29</subfield>
    <subfield code="r">2024-02-21 19:37:15</subfield>
    <subfield code="s">2024-02-21</subfield>
    <subfield code="w">2024-01-23</subfield>
    <subfield code="y">TXB</subfield>
  </datafield>
  <datafield tag="952" ind1=" " ind2=" ">
    <subfield code="0">0</subfield>
    <subfield code="1">0</subfield>
    <subfield code="2">ddc</subfield>
    <subfield code="4">0</subfield>
    <subfield code="7">0</subfield>
    <subfield code="a">12.28</subfield>
    <subfield code="b">12.28</subfield>
    <subfield code="d">2019-04-10</subfield>
    <subfield code="l">1</subfield>
    <subfield code="o">P Year 6 500</subfield>
    <subfield code="p">00043610SSW</subfield>
    <subfield code="q">2024-11-29</subfield>
    <subfield code="r">2024-02-21 15:07:06</subfield>
    <subfield code="s">2024-02-21</subfield>
    <subfield code="w">2024-01-23</subfield>
    <subfield code="y">TXB</subfield>
  </datafield>
  <datafield tag="952" ind1=" " ind2=" ">
    <subfield code="0">0</subfield>
    <subfield code="1">0</subfield>
    <subfield code="2">ddc</subfield>
    <subfield code="4">0</subfield>
    <subfield code="7">0</subfield>
    <subfield code="a">12.27</subfield>
    <subfield code="b">12.27</subfield>
    <subfield code="d">2019-04-10</subfield>
    <subfield code="l">2</subfield>
    <subfield code="o">AP Year 6 500 JOH</subfield>
    <subfield code="p">00043615AGC</subfield>
    <subfield code="q">2024-11-29</subfield>
    <subfield code="r">2024-04-02 13:25:24</subfield>
    <subfield code="s">2024-04-02</subfield>
    <subfield code="w">2024-01-23</subfield>
    <subfield code="y">TXB</subfield>
    <subfield code="u"></subfield>
  </datafield>
  <datafield tag="952" ind1=" " ind2=" ">
    <subfield code="0">0</subfield>
    <subfield code="1">0</subfield>
    <subfield code="2">ddc</subfield>
    <subfield code="4">0</subfield>
    <subfield code="7">0</subfield>
    <subfield code="a">12.28</subfield>
    <subfield code="b">12.28</subfield>
    <subfield code="d">2019-04-10</subfield>
    <subfield code="l">1</subfield>
    <subfield code="o">P Year 6 500</subfield>
    <subfield code="p">00043620SSW</subfield>
    <subfield code="q">2024-11-29</subfield>
    <subfield code="r">2024-02-21 21:14:58</subfield>
    <subfield code="s">2024-02-21</subfield>
    <subfield code="w">2024-01-23</subfield>
    <subfield code="y">TXB</subfield>
  </datafield>
  <datafield tag="952" ind1=" " ind2=" ">
    <subfield code="0">0</subfield>
    <subfield code="1">0</subfield>
    <subfield code="2">ddc</subfield>
    <subfield code="4">0</subfield>
    <subfield code="7">0</subfield>
    <subfield code="a">12.28</subfield>
    <subfield code="b">12.28</subfield>
    <subfield code="d">2019-04-10</subfield>
    <subfield code="l">1</subfield>
    <subfield code="o">P Year 6 500</subfield>
    <subfield code="p">00043623SSW</subfield>
    <subfield code="q">2024-11-29</subfield>
    <subfield code="r">2024-02-21 18:14:55</subfield>
    <subfield code="s">2024-02-21</subfield>
    <subfield code="w">2024-01-23</subfield>
    <subfield code="y">TXB</subfield>
  </datafield>
  <datafield tag="952" ind1=" " ind2=" ">
    <subfield code="0">0</subfield>
    <subfield code="1">0</subfield>
    <subfield code="2">ddc</subfield>
    <subfield code="4">0</subfield>
    <subfield code="7">0</subfield>
    <subfield code="a">12.27</subfield>
    <subfield code="b">12.27</subfield>
    <subfield code="d">2018-01-18</subfield>
    <subfield code="l">2</subfield>
    <subfield code="o">AP Year 6 500 JOH</subfield>
    <subfield code="p">00032787AGC</subfield>
    <subfield code="q">2024-11-29</subfield>
    <subfield code="r">2024-06-05 15:36:21</subfield>
    <subfield code="s">2024-06-05</subfield>
    <subfield code="w">2024-01-23</subfield>
    <subfield code="y">TXB</subfield>
  </datafield>
  <datafield tag="952" ind1=" " ind2=" ">
    <subfield code="0">0</subfield>
    <subfield code="1">0</subfield>
    <subfield code="2">ddc</subfield>
    <subfield code="4">0</subfield>
    <subfield code="7">0</subfield>
    <subfield code="a">12.28</subfield>
    <subfield code="b">12.28</subfield>
    <subfield code="d">2018-01-17</subfield>
    <subfield code="l">0</subfield>
    <subfield code="o">P Year 6 500</subfield>
    <subfield code="p">00032658SSW</subfield>
    <subfield code="r">2024-01-23 14:45:18</subfield>
    <subfield code="w">2024-01-23</subfield>
    <subfield code="y">TXB</subfield>
  </datafield>
  <datafield tag="952" ind1=" " ind2=" ">
    <subfield code="0">0</subfield>
    <subfield code="1">0</subfield>
    <subfield code="2">ddc</subfield>
    <subfield code="4">0</subfield>
    <subfield code="7">0</subfield>
    <subfield code="a">12.28</subfield>
    <subfield code="b">12.28</subfield>
    <subfield code="d">2018-01-17</subfield>
    <subfield code="l">1</subfield>
    <subfield code="o">P Year 6 500</subfield>
    <subfield code="p">00032663SSW</subfield>
    <subfield code="q">2024-11-29</subfield>
    <subfield code="r">2024-02-22 14:30:24</subfield>
    <subfield code="s">2024-02-22</subfield>
    <subfield code="w">2024-01-23</subfield>
    <subfield code="y">TXB</subfield>
  </datafield>
  <datafield tag="952" ind1=" " ind2=" ">
    <subfield code="0">0</subfield>
    <subfield code="1">0</subfield>
    <subfield code="2">ddc</subfield>
    <subfield code="4">0</subfield>
    <subfield code="7">0</subfield>
    <subfield code="a">12.28</subfield>
    <subfield code="b">12.28</subfield>
    <subfield code="d">2018-01-17</subfield>
    <subfield code="l">1</subfield>
    <subfield code="o">P Year 6 500</subfield>
    <subfield code="p">00032666SSW</subfield>
    <subfield code="q">2024-11-29</subfield>
    <subfield code="r">2024-02-21 18:09:34</subfield>
    <subfield code="s">2024-02-21</subfield>
    <subfield code="w">2024-01-23</subfield>
    <subfield code="y">TXB</subfield>
  </datafield>
  <datafield tag="952" ind1=" " ind2=" ">
    <subfield code="0">0</subfield>
    <subfield code="1">0</subfield>
    <subfield code="2">ddc</subfield>
    <subfield code="4">0</subfield>
    <subfield code="7">0</subfield>
    <subfield code="a">12.28</subfield>
    <subfield code="b">12.28</subfield>
    <subfield code="d">2018-01-17</subfield>
    <subfield code="l">1</subfield>
    <subfield code="o">P Year 6 500</subfield>
    <subfield code="p">00032671SSW</subfield>
    <subfield code="q">2024-11-29</subfield>
    <subfield code="r">2024-02-21 19:23:57</subfield>
    <subfield code="s">2024-02-21</subfield>
    <subfield code="w">2024-01-23</subfield>
    <subfield code="y">TXB</subfield>
  </datafield>
  <datafield tag="952" ind1=" " ind2=" ">
    <subfield code="0">0</subfield>
    <subfield code="1">0</subfield>
    <subfield code="2">ddc</subfield>
    <subfield code="4">0</subfield>
    <subfield code="7">0</subfield>
    <subfield code="a">12.28</subfield>
    <subfield code="b">12.28</subfield>
    <subfield code="d">2018-01-17</subfield>
    <subfield code="l">1</subfield>
    <subfield code="o">P Year 6 500</subfield>
    <subfield code="p">00032674SSW</subfield>
    <subfield code="q">2024-11-29</subfield>
    <subfield code="r">2024-02-21 18:04:19</subfield>
    <subfield code="s">2024-02-21</subfield>
    <subfield code="w">2024-01-23</subfield>
    <subfield code="y">TXB</subfield>
  </datafield>
  <datafield tag="952" ind1=" " ind2=" ">
    <subfield code="0">0</subfield>
    <subfield code="1">0</subfield>
    <subfield code="2">ddc</subfield>
    <subfield code="4">0</subfield>
    <subfield code="7">0</subfield>
    <subfield code="a">12.28</subfield>
    <subfield code="b">12.28</subfield>
    <subfield code="d">2018-01-17</subfield>
    <subfield code="l">1</subfield>
    <subfield code="o">P Year 6 500</subfield>
    <subfield code="p">00032679SSW</subfield>
    <subfield code="q">2024-11-29</subfield>
    <subfield code="r">2024-02-21 17:57:11</subfield>
    <subfield code="s">2024-02-21</subfield>
    <subfield code="w">2024-01-23</subfield>
    <subfield code="y">TXB</subfield>
  </datafield>
  <datafield tag="952" ind1=" " ind2=" ">
    <subfield code="0">0</subfield>
    <subfield code="1">0</subfield>
    <subfield code="2">ddc</subfield>
    <subfield code="4">0</subfield>
    <subfield code="7">0</subfield>
    <subfield code="a">12.28</subfield>
    <subfield code="b">12.28</subfield>
    <subfield code="d">2018-01-17</subfield>
    <subfield code="l">1</subfield>
    <subfield code="o">P Year 6 500</subfield>
    <subfield code="p">00032682SSW</subfield>
    <subfield code="q">2024-11-29</subfield>
    <subfield code="r">2024-02-21 21:10:56</subfield>
    <subfield code="s">2024-02-21</subfield>
    <subfield code="w">2024-01-23</subfield>
    <subfield code="y">TXB</subfield>
  </datafield>
  <datafield tag="952" ind1=" " ind2=" ">
    <subfield code="0">0</subfield>
    <subfield code="1">0</subfield>
    <subfield code="2">ddc</subfield>
    <subfield code="4">0</subfield>
    <subfield code="7">0</subfield>
    <subfield code="a">12.28</subfield>
    <subfield code="b">12.28</subfield>
    <subfield code="d">2018-01-17</subfield>
    <subfield code="l">1</subfield>
    <subfield code="o">P Year 6 500</subfield>
    <subfield code="p">00032687SSW</subfield>
    <subfield code="q">2024-11-29</subfield>
    <subfield code="r">2024-02-21 19:44:42</subfield>
    <subfield code="s">2024-02-21</subfield>
    <subfield code="w">2024-01-23</subfield>
    <subfield code="y">TXB</subfield>
  </datafield>
  <datafield tag="952" ind1=" " ind2=" ">
    <subfield code="0">0</subfield>
    <subfield code="1">0</subfield>
    <subfield code="2">ddc</subfield>
    <subfield code="4">0</subfield>
    <subfield code="7">0</subfield>
    <subfield code="a">12.28</subfield>
    <subfield code="b">12.28</subfield>
    <subfield code="d">2018-01-17</subfield>
    <subfield code="l">1</subfield>
    <subfield code="o">P Year 6 500</subfield>
    <subfield code="p">00032690SSW</subfield>
    <subfield code="q">2024-11-29</subfield>
    <subfield code="r">2024-02-21 21:11:52</subfield>
    <subfield code="s">2024-02-21</subfield>
    <subfield code="w">2024-01-23</subfield>
    <subfield code="y">TXB</subfield>
  </datafield>
  <datafield tag="952" ind1=" " ind2=" ">
    <subfield code="0">0</subfield>
    <subfield code="1">0</subfield>
    <subfield code="2">ddc</subfield>
    <subfield code="4">0</subfield>
    <subfield code="7">0</subfield>
    <subfield code="a">12.27</subfield>
    <subfield code="b">12.27</subfield>
    <subfield code="d">2018-01-17</subfield>
    <subfield code="l">1</subfield>
    <subfield code="o">AP Year 6 500 JOH</subfield>
    <subfield code="p">00032692AGC</subfield>
    <subfield code="q">2024-11-29</subfield>
    <subfield code="r">2024-02-27 12:12:09</subfield>
    <subfield code="s">2024-02-27</subfield>
    <subfield code="w">2024-01-23</subfield>
    <subfield code="y">TXB</subfield>
  </datafield>
  <datafield tag="952" ind1=" " ind2=" ">
    <subfield code="0">0</subfield>
    <subfield code="1">0</subfield>
    <subfield code="2">ddc</subfield>
    <subfield code="4">0</subfield>
    <subfield code="7">0</subfield>
    <subfield code="a">12.28</subfield>
    <subfield code="b">12.28</subfield>
    <subfield code="d">2018-01-17</subfield>
    <subfield code="l">1</subfield>
    <subfield code="o">P Year 6 500</subfield>
    <subfield code="p">00032700SSW</subfield>
    <subfield code="q">2024-11-29</subfield>
    <subfield code="r">2024-02-21 19:22:10</subfield>
    <subfield code="s">2024-02-21</subfield>
    <subfield code="w">2024-01-23</subfield>
    <subfield code="y">TXB</subfield>
  </datafield>
  <datafield tag="952" ind1=" " ind2=" ">
    <subfield code="0">0</subfield>
    <subfield code="1">0</subfield>
    <subfield code="2">ddc</subfield>
    <subfield code="4">0</subfield>
    <subfield code="7">0</subfield>
    <subfield code="a">12.28</subfield>
    <subfield code="b">12.28</subfield>
    <subfield code="d">2018-01-17</subfield>
    <subfield code="l">1</subfield>
    <subfield code="o">P Year 6 500</subfield>
    <subfield code="p">00032703SSW</subfield>
    <subfield code="q">2024-11-29</subfield>
    <subfield code="r">2024-02-21 18:00:25</subfield>
    <subfield code="s">2024-02-21</subfield>
    <subfield code="w">2024-01-23</subfield>
    <subfield code="y">TXB</subfield>
  </datafield>
  <datafield tag="952" ind1=" " ind2=" ">
    <subfield code="0">0</subfield>
    <subfield code="1">0</subfield>
    <subfield code="2">ddc</subfield>
    <subfield code="4">0</subfield>
    <subfield code="7">0</subfield>
    <subfield code="a">12.28</subfield>
    <subfield code="b">12.28</subfield>
    <subfield code="d">2018-01-17</subfield>
    <subfield code="l">1</subfield>
    <subfield code="o">P Year 6 500</subfield>
    <subfield code="p">00032708SSW</subfield>
    <subfield code="q">2024-11-29</subfield>
    <subfield code="r">2024-02-21 18:04:49</subfield>
    <subfield code="s">2024-02-21</subfield>
    <subfield code="w">2024-01-23</subfield>
    <subfield code="y">TXB</subfield>
  </datafield>
  <datafield tag="952" ind1=" " ind2=" ">
    <subfield code="0">0</subfield>
    <subfield code="1">0</subfield>
    <subfield code="2">ddc</subfield>
    <subfield code="4">0</subfield>
    <subfield code="7">0</subfield>
    <subfield code="a">12.28</subfield>
    <subfield code="b">12.28</subfield>
    <subfield code="d">2018-01-17</subfield>
    <subfield code="l">1</subfield>
    <subfield code="o">P Year 6 500</subfield>
    <subfield code="p">00032711SSW</subfield>
    <subfield code="q">2024-11-29</subfield>
    <subfield code="r">2024-02-21 19:18:10</subfield>
    <subfield code="s">2024-02-21</subfield>
    <subfield code="w">2024-01-23</subfield>
    <subfield code="y">TXB</subfield>
  </datafield>
  <datafield tag="952" ind1=" " ind2=" ">
    <subfield code="0">0</subfield>
    <subfield code="1">0</subfield>
    <subfield code="2">ddc</subfield>
    <subfield code="4">0</subfield>
    <subfield code="7">0</subfield>
    <subfield code="a">12.27</subfield>
    <subfield code="b">12.27</subfield>
    <subfield code="d">2018-01-17</subfield>
    <subfield code="l">1</subfield>
    <subfield code="o">AP Year 6 500 JOH</subfield>
    <subfield code="p">00032716AGC</subfield>
    <subfield code="r">2024-06-28 13:52:19</subfield>
    <subfield code="s">2024-02-19</subfield>
    <subfield code="w">2024-01-23</subfield>
    <subfield code="y">TXB</subfield>
  </datafield>
  <datafield tag="952" ind1=" " ind2=" ">
    <subfield code="0">0</subfield>
    <subfield code="1">0</subfield>
    <subfield code="2">ddc</subfield>
    <subfield code="4">0</subfield>
    <subfield code="7">0</subfield>
    <subfield code="a">12.28</subfield>
    <subfield code="b">12.28</subfield>
    <subfield code="d">2018-01-17</subfield>
    <subfield code="l">0</subfield>
    <subfield code="o">P Year 6 500</subfield>
    <subfield code="p">00032719SSW</subfield>
    <subfield code="r">2024-01-23 14:45:19</subfield>
    <subfield code="w">2024-01-23</subfield>
    <subfield code="y">TXB</subfield>
  </datafield>
  <datafield tag="952" ind1=" " ind2=" ">
    <subfield code="0">0</subfield>
    <subfield code="1">0</subfield>
    <subfield code="2">ddc</subfield>
    <subfield code="4">0</subfield>
    <subfield code="7">0</subfield>
    <subfield code="a">12.27</subfield>
    <subfield code="b">12.27</subfield>
    <subfield code="d">2018-01-17</subfield>
    <subfield code="l">1</subfield>
    <subfield code="o">AP Year 6 500 JOH</subfield>
    <subfield code="p">00032724AGC</subfield>
    <subfield code="q">2024-11-29</subfield>
    <subfield code="r">2024-04-02 13:12:53</subfield>
    <subfield code="s">2024-04-02</subfield>
    <subfield code="w">2024-01-23</subfield>
    <subfield code="y">TXB</subfield>
  </datafield>
  <datafield tag="952" ind1=" " ind2=" ">
    <subfield code="0">0</subfield>
    <subfield code="1">0</subfield>
    <subfield code="2">ddc</subfield>
    <subfield code="4">0</subfield>
    <subfield code="7">0</subfield>
    <subfield code="a">12.28</subfield>
    <subfield code="b">12.28</subfield>
    <subfield code="d">2018-01-17</subfield>
    <subfield code="l">2</subfield>
    <subfield code="o">P Year 6 500</subfield>
    <subfield code="p">00032727SSW</subfield>
    <subfield code="q">2024-11-29</subfield>
    <subfield code="r">2024-02-23 12:09:34</subfield>
    <subfield code="s">2024-02-23</subfield>
    <subfield code="w">2024-01-23</subfield>
    <subfield code="y">TXB</subfield>
  </datafield>
  <datafield tag="952" ind1=" " ind2=" ">
    <subfield code="0">0</subfield>
    <subfield code="1">0</subfield>
    <subfield code="2">ddc</subfield>
    <subfield code="4">0</subfield>
    <subfield code="7">0</subfield>
    <subfield code="a">12.28</subfield>
    <subfield code="b">12.28</subfield>
    <subfield code="d">2018-01-17</subfield>
    <subfield code="l">1</subfield>
    <subfield code="o">P Year 6 500</subfield>
    <subfield code="p">00032732SSW</subfield>
    <subfield code="q">2024-11-29</subfield>
    <subfield code="r">2024-02-21 18:15:25</subfield>
    <subfield code="s">2024-02-21</subfield>
    <subfield code="w">2024-01-23</subfield>
    <subfield code="y">TXB</subfield>
  </datafield>
  <datafield tag="952" ind1=" " ind2=" ">
    <subfield code="0">0</subfield>
    <subfield code="1">0</subfield>
    <subfield code="2">ddc</subfield>
    <subfield code="4">0</subfield>
    <subfield code="7">0</subfield>
    <subfield code="a">12.28</subfield>
    <subfield code="b">12.28</subfield>
    <subfield code="d">2018-01-17</subfield>
    <subfield code="l">0</subfield>
    <subfield code="o">P Year 6 500</subfield>
    <subfield code="p">00032735SSW</subfield>
    <subfield code="r">2024-01-23 14:45:19</subfield>
    <subfield code="w">2024-01-23</subfield>
    <subfield code="y">TXB</subfield>
  </datafield>
  <datafield tag="952" ind1=" " ind2=" ">
    <subfield code="0">0</subfield>
    <subfield code="1">0</subfield>
    <subfield code="2">ddc</subfield>
    <subfield code="4">0</subfield>
    <subfield code="7">0</subfield>
    <subfield code="a">12.28</subfield>
    <subfield code="b">12.28</subfield>
    <subfield code="d">2018-01-17</subfield>
    <subfield code="l">1</subfield>
    <subfield code="o">P Year 6 500</subfield>
    <subfield code="p">00032740SSW</subfield>
    <subfield code="q">2024-11-29</subfield>
    <subfield code="r">2024-02-21 20:59:47</subfield>
    <subfield code="s">2024-02-21</subfield>
    <subfield code="w">2024-01-23</subfield>
    <subfield code="y">TXB</subfield>
  </datafield>
  <datafield tag="952" ind1=" " ind2=" ">
    <subfield code="0">0</subfield>
    <subfield code="1">0</subfield>
    <subfield code="2">ddc</subfield>
    <subfield code="4">0</subfield>
    <subfield code="7">0</subfield>
    <subfield code="a">12.28</subfield>
    <subfield code="b">12.28</subfield>
    <subfield code="d">2018-01-25</subfield>
    <subfield code="l">1</subfield>
    <subfield code="o">P Year 6 500</subfield>
    <subfield code="p">00033309SSW</subfield>
    <subfield code="q">2024-11-29</subfield>
    <subfield code="r">2024-02-21 19:44:02</subfield>
    <subfield code="s">2024-02-21</subfield>
    <subfield code="w">2024-01-23</subfield>
    <subfield code="y">TXB</subfield>
  </datafield>
  <datafield tag="952" ind1=" " ind2=" ">
    <subfield code="0">0</subfield>
    <subfield code="1">0</subfield>
    <subfield code="2">ddc</subfield>
    <subfield code="4">0</subfield>
    <subfield code="7">0</subfield>
    <subfield code="a">12.27</subfield>
    <subfield code="b">12.27</subfield>
    <subfield code="d">2016-10-11</subfield>
    <subfield code="l">1</subfield>
    <subfield code="o">AP Year 6 500 JOH</subfield>
    <subfield code="p">00024789AGC</subfield>
    <subfield code="q">2024-11-29</subfield>
    <subfield code="r">2024-02-27 12:18:51</subfield>
    <subfield code="s">2024-02-27</subfield>
    <subfield code="w">2024-01-23</subfield>
    <subfield code="y">TXB</subfield>
  </datafield>
  <datafield tag="952" ind1=" " ind2=" ">
    <subfield code="0">0</subfield>
    <subfield code="1">0</subfield>
    <subfield code="2">ddc</subfield>
    <subfield code="4">0</subfield>
    <subfield code="7">0</subfield>
    <subfield code="a">12.27</subfield>
    <subfield code="b">12.27</subfield>
    <subfield code="d">2019-07-30</subfield>
    <subfield code="l">2</subfield>
    <subfield code="o">AP Year 6 500 JOH</subfield>
    <subfield code="p">00044637AGC</subfield>
    <subfield code="q">2024-11-29</subfield>
    <subfield code="r">2024-04-02 13:19:12</subfield>
    <subfield code="s">2024-04-02</subfield>
    <subfield code="w">2024-01-23</subfield>
    <subfield code="y">TXB</subfield>
    <subfield code="u"></subfield>
  </datafield>
  <datafield tag="952" ind1=" " ind2=" ">
    <subfield code="0">0</subfield>
    <subfield code="1">0</subfield>
    <subfield code="2">ddc</subfield>
    <subfield code="4">0</subfield>
    <subfield code="7">0</subfield>
    <subfield code="a">12.28</subfield>
    <subfield code="b">12.28</subfield>
    <subfield code="d">2019-07-30</subfield>
    <subfield code="l">1</subfield>
    <subfield code="o">P Year 6 500</subfield>
    <subfield code="p">00044638SSW</subfield>
    <subfield code="q">2024-11-29</subfield>
    <subfield code="r">2024-02-21 20:58:41</subfield>
    <subfield code="s">2024-02-21</subfield>
    <subfield code="w">2024-01-23</subfield>
    <subfield code="y">TXB</subfield>
  </datafield>
  <datafield tag="952" ind1=" " ind2=" ">
    <subfield code="0">0</subfield>
    <subfield code="1">0</subfield>
    <subfield code="2">ddc</subfield>
    <subfield code="4">0</subfield>
    <subfield code="7">0</subfield>
    <subfield code="a">12.28</subfield>
    <subfield code="b">12.28</subfield>
    <subfield code="d">2019-07-30</subfield>
    <subfield code="l">1</subfield>
    <subfield code="o">P Year 6 500</subfield>
    <subfield code="p">00044639SSW</subfield>
    <subfield code="q">2024-11-29</subfield>
    <subfield code="r">2024-02-21 19:09:34</subfield>
    <subfield code="s">2024-02-21</subfield>
    <subfield code="w">2024-01-23</subfield>
    <subfield code="y">TXB</subfield>
  </datafield>
  <datafield tag="952" ind1=" " ind2=" ">
    <subfield code="0">0</subfield>
    <subfield code="1">0</subfield>
    <subfield code="2">ddc</subfield>
    <subfield code="4">0</subfield>
    <subfield code="7">0</subfield>
    <subfield code="a">12.28</subfield>
    <subfield code="b">12.28</subfield>
    <subfield code="d">2019-12-16</subfield>
    <subfield code="l">1</subfield>
    <subfield code="o">P Year 6 500</subfield>
    <subfield code="p">00045959SSW</subfield>
    <subfield code="q">2024-11-29</subfield>
    <subfield code="r">2024-02-21 17:55:19</subfield>
    <subfield code="s">2024-02-21</subfield>
    <subfield code="w">2024-01-23</subfield>
    <subfield code="y">TXB</subfield>
  </datafield>
  <datafield tag="952" ind1=" " ind2=" ">
    <subfield code="0">0</subfield>
    <subfield code="1">0</subfield>
    <subfield code="2">ddc</subfield>
    <subfield code="4">0</subfield>
    <subfield code="7">0</subfield>
    <subfield code="a">12.28</subfield>
    <subfield code="b">12.28</subfield>
    <subfield code="d">2019-12-16</subfield>
    <subfield code="l">1</subfield>
    <subfield code="o">P Year 6 500</subfield>
    <subfield code="p">00045960SSW</subfield>
    <subfield code="q">2024-11-29</subfield>
    <subfield code="r">2024-02-21 19:37:45</subfield>
    <subfield code="s">2024-02-21</subfield>
    <subfield code="w">2024-01-23</subfield>
    <subfield code="y">TXB</subfield>
  </datafield>
  <datafield tag="952" ind1=" " ind2=" ">
    <subfield code="0">0</subfield>
    <subfield code="1">0</subfield>
    <subfield code="2">ddc</subfield>
    <subfield code="4">0</subfield>
    <subfield code="7">0</subfield>
    <subfield code="a">12.28</subfield>
    <subfield code="b">12.28</subfield>
    <subfield code="d">2019-12-16</subfield>
    <subfield code="l">1</subfield>
    <subfield code="o">P Year 6 500</subfield>
    <subfield code="p">00045961SSW</subfield>
    <subfield code="r">2024-06-25 19:50:18</subfield>
    <subfield code="s">2024-02-21</subfield>
    <subfield code="w">2024-01-23</subfield>
    <subfield code="y">TXB</subfield>
  </datafield>
  <datafield tag="952" ind1=" " ind2=" ">
    <subfield code="0">0</subfield>
    <subfield code="1">0</subfield>
    <subfield code="2">ddc</subfield>
    <subfield code="4">0</subfield>
    <subfield code="7">0</subfield>
    <subfield code="a">12.28</subfield>
    <subfield code="b">12.28</subfield>
    <subfield code="d">2019-12-16</subfield>
    <subfield code="l">1</subfield>
    <subfield code="o">P Year 6 500</subfield>
    <subfield code="p">00045962SSW</subfield>
    <subfield code="q">2024-11-29</subfield>
    <subfield code="r">2024-02-21 18:10:40</subfield>
    <subfield code="s">2024-02-21</subfield>
    <subfield code="w">2024-01-23</subfield>
    <subfield code="y">TXB</subfield>
  </datafield>
  <datafield tag="952" ind1=" " ind2=" ">
    <subfield code="0">0</subfield>
    <subfield code="1">0</subfield>
    <subfield code="2">ddc</subfield>
    <subfield code="4">0</subfield>
    <subfield code="7">0</subfield>
    <subfield code="a">12.28</subfield>
    <subfield code="b">12.28</subfield>
    <subfield code="d">2019-12-16</subfield>
    <subfield code="l">1</subfield>
    <subfield code="o">P Year 6 500</subfield>
    <subfield code="p">00045963SSW</subfield>
    <subfield code="q">2024-11-29</subfield>
    <subfield code="r">2024-02-21 21:12:36</subfield>
    <subfield code="s">2024-02-21</subfield>
    <subfield code="w">2024-01-23</subfield>
    <subfield code="y">TXB</subfield>
  </datafield>
  <datafield tag="952" ind1=" " ind2=" ">
    <subfield code="0">0</subfield>
    <subfield code="1">0</subfield>
    <subfield code="2">ddc</subfield>
    <subfield code="4">0</subfield>
    <subfield code="7">0</subfield>
    <subfield code="a">12.28</subfield>
    <subfield code="b">12.28</subfield>
    <subfield code="d">2019-12-16</subfield>
    <subfield code="l">1</subfield>
    <subfield code="o">P Year 6 500</subfield>
    <subfield code="p">00045964SSW</subfield>
    <subfield code="q">2024-11-29</subfield>
    <subfield code="r">2024-02-21 17:41:45</subfield>
    <subfield code="s">2024-02-21</subfield>
    <subfield code="w">2024-01-23</subfield>
    <subfield code="y">TXB</subfield>
  </datafield>
  <datafield tag="952" ind1=" " ind2=" ">
    <subfield code="0">0</subfield>
    <subfield code="1">0</subfield>
    <subfield code="2">ddc</subfield>
    <subfield code="4">0</subfield>
    <subfield code="7">0</subfield>
    <subfield code="a">12.28</subfield>
    <subfield code="b">12.28</subfield>
    <subfield code="d">2019-12-16</subfield>
    <subfield code="l">1</subfield>
    <subfield code="o">P Year 6 500</subfield>
    <subfield code="p">00045965SSW</subfield>
    <subfield code="q">2024-11-29</subfield>
    <subfield code="r">2024-02-22 14:45:43</subfield>
    <subfield code="s">2024-02-22</subfield>
    <subfield code="w">2024-01-23</subfield>
    <subfield code="y">TXB</subfield>
  </datafield>
  <datafield tag="952" ind1=" " ind2=" ">
    <subfield code="0">0</subfield>
    <subfield code="1">0</subfield>
    <subfield code="2">ddc</subfield>
    <subfield code="4">0</subfield>
    <subfield code="7">0</subfield>
    <subfield code="a">12.27</subfield>
    <subfield code="b">12.27</subfield>
    <subfield code="d">2019-12-16</subfield>
    <subfield code="l">1</subfield>
    <subfield code="o">AP Year 6 500 JOH</subfield>
    <subfield code="p">00045966AGC</subfield>
    <subfield code="q">2024-11-29</subfield>
    <subfield code="r">2024-02-27 12:39:43</subfield>
    <subfield code="s">2024-02-27</subfield>
    <subfield code="w">2024-01-23</subfield>
    <subfield code="y">TXB</subfield>
  </datafield>
  <datafield tag="952" ind1=" " ind2=" ">
    <subfield code="0">0</subfield>
    <subfield code="1">0</subfield>
    <subfield code="2">ddc</subfield>
    <subfield code="4">0</subfield>
    <subfield code="7">0</subfield>
    <subfield code="a">12.28</subfield>
    <subfield code="b">12.28</subfield>
    <subfield code="d">2019-12-16</subfield>
    <subfield code="l">1</subfield>
    <subfield code="o">P Year 6 500</subfield>
    <subfield code="p">00045967SSW</subfield>
    <subfield code="q">2024-11-29</subfield>
    <subfield code="r">2024-02-21 20:05:27</subfield>
    <subfield code="s">2024-02-21</subfield>
    <subfield code="w">2024-01-23</subfield>
    <subfield code="y">TXB</subfield>
  </datafield>
  <datafield tag="952" ind1=" " ind2=" ">
    <subfield code="0">0</subfield>
    <subfield code="1">0</subfield>
    <subfield code="2">ddc</subfield>
    <subfield code="4">0</subfield>
    <subfield code="7">0</subfield>
    <subfield code="a">12.28</subfield>
    <subfield code="b">12.28</subfield>
    <subfield code="d">2019-12-16</subfield>
    <subfield code="l">1</subfield>
    <subfield code="o">P Year 6 500</subfield>
    <subfield code="p">00045968SSW</subfield>
    <subfield code="q">2024-11-29</subfield>
    <subfield code="r">2024-02-21 18:12:28</subfield>
    <subfield code="s">2024-02-21</subfield>
    <subfield code="w">2024-01-23</subfield>
    <subfield code="y">TXB</subfield>
  </datafield>
  <datafield tag="952" ind1=" " ind2=" ">
    <subfield code="0">0</subfield>
    <subfield code="1">0</subfield>
    <subfield code="2">ddc</subfield>
    <subfield code="4">0</subfield>
    <subfield code="7">0</subfield>
    <subfield code="a">12.28</subfield>
    <subfield code="b">12.28</subfield>
    <subfield code="d">2019-12-16</subfield>
    <subfield code="l">1</subfield>
    <subfield code="o">P Year 6 500</subfield>
    <subfield code="p">00045969SSW</subfield>
    <subfield code="q">2024-11-29</subfield>
    <subfield code="r">2024-02-21 17:42:20</subfield>
    <subfield code="s">2024-02-21</subfield>
    <subfield code="w">2024-01-23</subfield>
    <subfield code="y">TXB</subfield>
  </datafield>
  <datafield tag="952" ind1=" " ind2=" ">
    <subfield code="0">0</subfield>
    <subfield code="1">0</subfield>
    <subfield code="2">ddc</subfield>
    <subfield code="4">0</subfield>
    <subfield code="7">0</subfield>
    <subfield code="a">12.28</subfield>
    <subfield code="b">12.28</subfield>
    <subfield code="d">2019-12-16</subfield>
    <subfield code="l">0</subfield>
    <subfield code="o">P Year 6 500</subfield>
    <subfield code="p">00045970SSW</subfield>
    <subfield code="r">2024-01-23 14:45:19</subfield>
    <subfield code="w">2024-01-23</subfield>
    <subfield code="y">TXB</subfield>
  </datafield>
  <datafield tag="952" ind1=" " ind2=" ">
    <subfield code="0">0</subfield>
    <subfield code="1">0</subfield>
    <subfield code="2">ddc</subfield>
    <subfield code="4">0</subfield>
    <subfield code="7">0</subfield>
    <subfield code="a">12.28</subfield>
    <subfield code="b">12.28</subfield>
    <subfield code="d">2019-12-16</subfield>
    <subfield code="l">1</subfield>
    <subfield code="o">P Year 6 500</subfield>
    <subfield code="p">00045971SSW</subfield>
    <subfield code="q">2024-11-29</subfield>
    <subfield code="r">2024-02-21 18:11:43</subfield>
    <subfield code="s">2024-02-21</subfield>
    <subfield code="w">2024-01-23</subfield>
    <subfield code="y">TXB</subfield>
  </datafield>
  <datafield tag="952" ind1=" " ind2=" ">
    <subfield code="0">0</subfield>
    <subfield code="1">0</subfield>
    <subfield code="2">ddc</subfield>
    <subfield code="4">0</subfield>
    <subfield code="7">0</subfield>
    <subfield code="a">12.28</subfield>
    <subfield code="b">12.28</subfield>
    <subfield code="d">2019-12-16</subfield>
    <subfield code="l">1</subfield>
    <subfield code="o">P Year 6 500</subfield>
    <subfield code="p">00045972SSW</subfield>
    <subfield code="q">2024-11-29</subfield>
    <subfield code="r">2024-02-21 19:35:13</subfield>
    <subfield code="s">2024-02-21</subfield>
    <subfield code="w">2024-01-23</subfield>
    <subfield code="y">TXB</subfield>
  </datafield>
  <datafield tag="952" ind1=" " ind2=" ">
    <subfield code="0">0</subfield>
    <subfield code="1">0</subfield>
    <subfield code="2">ddc</subfield>
    <subfield code="4">0</subfield>
    <subfield code="7">0</subfield>
    <subfield code="a">12.28</subfield>
    <subfield code="b">12.28</subfield>
    <subfield code="d">2019-12-16</subfield>
    <subfield code="l">1</subfield>
    <subfield code="o">P Year 6 500</subfield>
    <subfield code="p">00045973SSW</subfield>
    <subfield code="q">2024-11-29</subfield>
    <subfield code="r">2024-02-21 19:08:36</subfield>
    <subfield code="s">2024-02-21</subfield>
    <subfield code="w">2024-01-23</subfield>
    <subfield code="y">TXB</subfield>
  </datafield>
  <datafield tag="952" ind1=" " ind2=" ">
    <subfield code="0">0</subfield>
    <subfield code="1">0</subfield>
    <subfield code="2">ddc</subfield>
    <subfield code="4">0</subfield>
    <subfield code="7">0</subfield>
    <subfield code="a">12.27</subfield>
    <subfield code="b">12.27</subfield>
    <subfield code="d">2019-12-16</subfield>
    <subfield code="l">0</subfield>
    <subfield code="o">AP Year 6 500 JOH</subfield>
    <subfield code="p">00045974AGC</subfield>
    <subfield code="r">2024-01-23 14:45:19</subfield>
    <subfield code="w">2024-01-23</subfield>
    <subfield code="y">TXB</subfield>
  </datafield>
  <datafield tag="952" ind1=" " ind2=" ">
    <subfield code="0">0</subfield>
    <subfield code="1">0</subfield>
    <subfield code="2">ddc</subfield>
    <subfield code="4">0</subfield>
    <subfield code="7">0</subfield>
    <subfield code="a">12.28</subfield>
    <subfield code="b">12.28</subfield>
    <subfield code="d">2019-12-16</subfield>
    <subfield code="l">1</subfield>
    <subfield code="o">P Year 6 500</subfield>
    <subfield code="p">00045975SSW</subfield>
    <subfield code="q">2024-11-29</subfield>
    <subfield code="r">2024-02-22 14:32:24</subfield>
    <subfield code="s">2024-02-22</subfield>
    <subfield code="w">2024-01-23</subfield>
    <subfield code="y">TXB</subfield>
  </datafield>
  <datafield tag="952" ind1=" " ind2=" ">
    <subfield code="0">0</subfield>
    <subfield code="1">0</subfield>
    <subfield code="2">ddc</subfield>
    <subfield code="4">0</subfield>
    <subfield code="7">0</subfield>
    <subfield code="a">12.28</subfield>
    <subfield code="b">12.28</subfield>
    <subfield code="d">2019-12-16</subfield>
    <subfield code="l">1</subfield>
    <subfield code="o">P Year 6 500</subfield>
    <subfield code="p">00045976SSW</subfield>
    <subfield code="q">2024-11-29</subfield>
    <subfield code="r">2024-02-21 18:02:04</subfield>
    <subfield code="s">2024-02-21</subfield>
    <subfield code="w">2024-01-23</subfield>
    <subfield code="y">TXB</subfield>
  </datafield>
  <datafield tag="952" ind1=" " ind2=" ">
    <subfield code="0">0</subfield>
    <subfield code="1">0</subfield>
    <subfield code="2">ddc</subfield>
    <subfield code="4">0</subfield>
    <subfield code="7">0</subfield>
    <subfield code="a">12.27</subfield>
    <subfield code="b">12.27</subfield>
    <subfield code="d">2019-12-16</subfield>
    <subfield code="l">1</subfield>
    <subfield code="o">AP Year 6 500 JOH</subfield>
    <subfield code="p">00045977AGC</subfield>
    <subfield code="q">2024-11-29</subfield>
    <subfield code="r">2024-02-27 12:10:48</subfield>
    <subfield code="s">2024-02-27</subfield>
    <subfield code="w">2024-01-23</subfield>
    <subfield code="y">TXB</subfield>
  </datafield>
  <datafield tag="952" ind1=" " ind2=" ">
    <subfield code="0">0</subfield>
    <subfield code="1">0</subfield>
    <subfield code="2">ddc</subfield>
    <subfield code="4">0</subfield>
    <subfield code="7">0</subfield>
    <subfield code="a">12.28</subfield>
    <subfield code="b">12.28</subfield>
    <subfield code="d">2019-04-10</subfield>
    <subfield code="l">1</subfield>
    <subfield code="o">P Year 6 500</subfield>
    <subfield code="p">00043600SSW</subfield>
    <subfield code="q">2024-11-29</subfield>
    <subfield code="r">2024-02-21 17:56:16</subfield>
    <subfield code="s">2024-02-21</subfield>
    <subfield code="w">2024-01-23</subfield>
    <subfield code="y">TXB</subfield>
  </datafield>
  <datafield tag="952" ind1=" " ind2=" ">
    <subfield code="0">0</subfield>
    <subfield code="1">0</subfield>
    <subfield code="2">ddc</subfield>
    <subfield code="4">0</subfield>
    <subfield code="7">0</subfield>
    <subfield code="a">12.28</subfield>
    <subfield code="b">12.28</subfield>
    <subfield code="d">2019-04-10</subfield>
    <subfield code="l">0</subfield>
    <subfield code="o">P Year 6 500</subfield>
    <subfield code="p">00043605SSW</subfield>
    <subfield code="r">2024-01-23 14:45:19</subfield>
    <subfield code="w">2024-01-23</subfield>
    <subfield code="y">TXB</subfield>
  </datafield>
  <datafield tag="952" ind1=" " ind2=" ">
    <subfield code="0">0</subfield>
    <subfield code="1">0</subfield>
    <subfield code="2">ddc</subfield>
    <subfield code="4">0</subfield>
    <subfield code="7">0</subfield>
    <subfield code="a">12.28</subfield>
    <subfield code="b">12.28</subfield>
    <subfield code="d">2019-04-10</subfield>
    <subfield code="l">1</subfield>
    <subfield code="o">P Year 6 500</subfield>
    <subfield code="p">00043608SSW</subfield>
    <subfield code="q">2024-11-29</subfield>
    <subfield code="r">2024-02-21 21:15:44</subfield>
    <subfield code="s">2024-02-21</subfield>
    <subfield code="w">2024-01-23</subfield>
    <subfield code="y">TXB</subfield>
  </datafield>
  <datafield tag="952" ind1=" " ind2=" ">
    <subfield code="0">0</subfield>
    <subfield code="1">0</subfield>
    <subfield code="2">ddc</subfield>
    <subfield code="4">0</subfield>
    <subfield code="7">0</subfield>
    <subfield code="a">12.28</subfield>
    <subfield code="b">12.28</subfield>
    <subfield code="d">2019-04-10</subfield>
    <subfield code="l">1</subfield>
    <subfield code="o">P Year 6 500</subfield>
    <subfield code="p">00043613SSW</subfield>
    <subfield code="q">2024-11-29</subfield>
    <subfield code="r">2024-02-21 18:13:18</subfield>
    <subfield code="s">2024-02-21</subfield>
    <subfield code="w">2024-01-23</subfield>
    <subfield code="y">TXB</subfield>
  </datafield>
  <datafield tag="952" ind1=" " ind2=" ">
    <subfield code="0">0</subfield>
    <subfield code="1">0</subfield>
    <subfield code="2">ddc</subfield>
    <subfield code="4">0</subfield>
    <subfield code="7">0</subfield>
    <subfield code="a">12.28</subfield>
    <subfield code="b">12.28</subfield>
    <subfield code="d">2019-04-10</subfield>
    <subfield code="l">1</subfield>
    <subfield code="o">P Year 6 500</subfield>
    <subfield code="p">00043616SSW</subfield>
    <subfield code="q">2024-11-29</subfield>
    <subfield code="r">2024-02-21 21:37:18</subfield>
    <subfield code="s">2024-02-21</subfield>
    <subfield code="w">2024-01-23</subfield>
    <subfield code="y">TXB</subfield>
  </datafield>
  <datafield tag="952" ind1=" " ind2=" ">
    <subfield code="0">0</subfield>
    <subfield code="1">0</subfield>
    <subfield code="2">ddc</subfield>
    <subfield code="4">0</subfield>
    <subfield code="7">0</subfield>
    <subfield code="a">12.28</subfield>
    <subfield code="b">12.28</subfield>
    <subfield code="d">2019-04-10</subfield>
    <subfield code="l">1</subfield>
    <subfield code="o">P Year 6 500</subfield>
    <subfield code="p">00043618SSW</subfield>
    <subfield code="q">2024-11-29</subfield>
    <subfield code="r">2024-02-22 14:33:33</subfield>
    <subfield code="s">2024-02-22</subfield>
    <subfield code="w">2024-01-23</subfield>
    <subfield code="y">TXB</subfield>
  </datafield>
  <datafield tag="952" ind1=" " ind2=" ">
    <subfield code="0">0</subfield>
    <subfield code="1">0</subfield>
    <subfield code="2">ddc</subfield>
    <subfield code="4">0</subfield>
    <subfield code="7">0</subfield>
    <subfield code="a">12.28</subfield>
    <subfield code="b">12.28</subfield>
    <subfield code="d">2019-04-10</subfield>
    <subfield code="l">1</subfield>
    <subfield code="o">P Year 6 500</subfield>
    <subfield code="p">00043621SSW</subfield>
    <subfield code="q">2024-11-29</subfield>
    <subfield code="r">2024-02-21 18:15:58</subfield>
    <subfield code="s">2024-02-21</subfield>
    <subfield code="w">2024-01-23</subfield>
    <subfield code="y">TXB</subfield>
  </datafield>
  <datafield tag="952" ind1=" " ind2=" ">
    <subfield code="0">0</subfield>
    <subfield code="1">0</subfield>
    <subfield code="2">ddc</subfield>
    <subfield code="4">0</subfield>
    <subfield code="7">0</subfield>
    <subfield code="a">12.28</subfield>
    <subfield code="b">12.28</subfield>
    <subfield code="d">2019-04-10</subfield>
    <subfield code="l">1</subfield>
    <subfield code="o">P Year 6 500</subfield>
    <subfield code="p">00043598SSW</subfield>
    <subfield code="q">2024-11-29</subfield>
    <subfield code="r">2024-02-21 21:02:28</subfield>
    <subfield code="s">2024-02-21</subfield>
    <subfield code="w">2024-01-23</subfield>
    <subfield code="y">TXB</subfield>
  </datafield>
  <datafield tag="952" ind1=" " ind2=" ">
    <subfield code="0">0</subfield>
    <subfield code="1">0</subfield>
    <subfield code="2">ddc</subfield>
    <subfield code="4">0</subfield>
    <subfield code="7">0</subfield>
    <subfield code="a">12.28</subfield>
    <subfield code="b">12.28</subfield>
    <subfield code="d">2019-04-10</subfield>
    <subfield code="l">1</subfield>
    <subfield code="o">P Year 6 500</subfield>
    <subfield code="p">00043603SSW</subfield>
    <subfield code="q">2024-11-29</subfield>
    <subfield code="r">2024-02-21 19:20:48</subfield>
    <subfield code="s">2024-02-21</subfield>
    <subfield code="w">2024-01-23</subfield>
    <subfield code="y">TXB</subfield>
  </datafield>
  <datafield tag="952" ind1=" " ind2=" ">
    <subfield code="0">0</subfield>
    <subfield code="1">0</subfield>
    <subfield code="2">ddc</subfield>
    <subfield code="4">0</subfield>
    <subfield code="7">0</subfield>
    <subfield code="a">12.28</subfield>
    <subfield code="b">12.28</subfield>
    <subfield code="d">2019-04-10</subfield>
    <subfield code="l">0</subfield>
    <subfield code="o">P Year 6 500</subfield>
    <subfield code="p">00043606SSW</subfield>
    <subfield code="r">2024-01-23 14:45:20</subfield>
    <subfield code="w">2024-01-23</subfield>
    <subfield code="y">TXB</subfield>
  </datafield>
  <datafield tag="952" ind1=" " ind2=" ">
    <subfield code="0">0</subfield>
    <subfield code="1">0</subfield>
    <subfield code="2">ddc</subfield>
    <subfield code="4">0</subfield>
    <subfield code="7">0</subfield>
    <subfield code="a">12.28</subfield>
    <subfield code="b">12.28</subfield>
    <subfield code="d">2019-04-10</subfield>
    <subfield code="l">1</subfield>
    <subfield code="o">P Year 6 500</subfield>
    <subfield code="p">00043611SSW</subfield>
    <subfield code="q">2024-11-29</subfield>
    <subfield code="r">2024-02-21 20:07:22</subfield>
    <subfield code="s">2024-02-21</subfield>
    <subfield code="w">2024-01-23</subfield>
    <subfield code="y">TXB</subfield>
  </datafield>
  <datafield tag="952" ind1=" " ind2=" ">
    <subfield code="0">0</subfield>
    <subfield code="1">0</subfield>
    <subfield code="2">ddc</subfield>
    <subfield code="4">0</subfield>
    <subfield code="7">0</subfield>
    <subfield code="a">12.28</subfield>
    <subfield code="b">12.28</subfield>
    <subfield code="d">2019-04-10</subfield>
    <subfield code="l">1</subfield>
    <subfield code="o">P Year 6 500</subfield>
    <subfield code="p">00043614SSW</subfield>
    <subfield code="q">2024-11-29</subfield>
    <subfield code="r">2024-02-21 19:42:56</subfield>
    <subfield code="s">2024-02-21</subfield>
    <subfield code="w">2024-01-23</subfield>
    <subfield code="y">TXB</subfield>
  </datafield>
  <datafield tag="952" ind1=" " ind2=" ">
    <subfield code="0">0</subfield>
    <subfield code="1">0</subfield>
    <subfield code="2">ddc</subfield>
    <subfield code="4">0</subfield>
    <subfield code="7">0</subfield>
    <subfield code="a">12.28</subfield>
    <subfield code="b">12.28</subfield>
    <subfield code="d">2019-04-10</subfield>
    <subfield code="l">1</subfield>
    <subfield code="o">P Year 6 500</subfield>
    <subfield code="p">00043619SSW</subfield>
    <subfield code="q">2024-11-29</subfield>
    <subfield code="r">2024-02-21 18:07:11</subfield>
    <subfield code="s">2024-02-21</subfield>
    <subfield code="w">2024-01-23</subfield>
    <subfield code="y">TXB</subfield>
  </datafield>
  <datafield tag="952" ind1=" " ind2=" ">
    <subfield code="0">0</subfield>
    <subfield code="1">0</subfield>
    <subfield code="2">ddc</subfield>
    <subfield code="4">0</subfield>
    <subfield code="7">0</subfield>
    <subfield code="a">12.28</subfield>
    <subfield code="b">12.28</subfield>
    <subfield code="d">2019-04-10</subfield>
    <subfield code="l">1</subfield>
    <subfield code="o">P Year 6 500</subfield>
    <subfield code="p">00043624SSW</subfield>
    <subfield code="q">2024-11-29</subfield>
    <subfield code="r">2024-02-21 17:41:03</subfield>
    <subfield code="s">2024-02-21</subfield>
    <subfield code="w">2024-01-23</subfield>
    <subfield code="y">TXB</subfield>
  </datafield>
  <datafield tag="952" ind1=" " ind2=" ">
    <subfield code="0">0</subfield>
    <subfield code="1">0</subfield>
    <subfield code="2">ddc</subfield>
    <subfield code="4">0</subfield>
    <subfield code="7">0</subfield>
    <subfield code="a">12.27</subfield>
    <subfield code="b">12.27</subfield>
    <subfield code="d">2018-01-17</subfield>
    <subfield code="l">1</subfield>
    <subfield code="o">AP Year 6 500 JOH</subfield>
    <subfield code="p">00032656AGC</subfield>
    <subfield code="q">2024-11-29</subfield>
    <subfield code="r">2024-02-27 12:17:31</subfield>
    <subfield code="s">2024-02-27</subfield>
    <subfield code="w">2024-01-23</subfield>
    <subfield code="y">TXB</subfield>
  </datafield>
  <datafield tag="952" ind1=" " ind2=" ">
    <subfield code="0">0</subfield>
    <subfield code="1">0</subfield>
    <subfield code="2">ddc</subfield>
    <subfield code="4">0</subfield>
    <subfield code="7">0</subfield>
    <subfield code="a">12.27</subfield>
    <subfield code="b">12.27</subfield>
    <subfield code="d">2018-01-17</subfield>
    <subfield code="l">1</subfield>
    <subfield code="o">AP Year 6 500 JOH</subfield>
    <subfield code="p">00032661AGC</subfield>
    <subfield code="q">2024-11-29</subfield>
    <subfield code="r">2024-02-19 17:40:41</subfield>
    <subfield code="s">2024-02-19</subfield>
    <subfield code="w">2024-01-23</subfield>
    <subfield code="y">TXB</subfield>
  </datafield>
  <datafield tag="952" ind1=" " ind2=" ">
    <subfield code="0">0</subfield>
    <subfield code="1">0</subfield>
    <subfield code="2">ddc</subfield>
    <subfield code="4">0</subfield>
    <subfield code="7">0</subfield>
    <subfield code="a">12.28</subfield>
    <subfield code="b">12.28</subfield>
    <subfield code="d">2018-01-17</subfield>
    <subfield code="l">1</subfield>
    <subfield code="o">P Year 6 500</subfield>
    <subfield code="p">00032664SSW</subfield>
    <subfield code="q">2024-11-29</subfield>
    <subfield code="r">2024-02-21 17:53:56</subfield>
    <subfield code="s">2024-02-21</subfield>
    <subfield code="w">2024-01-23</subfield>
    <subfield code="y">TXB</subfield>
  </datafield>
  <datafield tag="952" ind1=" " ind2=" ">
    <subfield code="0">0</subfield>
    <subfield code="1">0</subfield>
    <subfield code="2">ddc</subfield>
    <subfield code="4">0</subfield>
    <subfield code="7">0</subfield>
    <subfield code="a">12.28</subfield>
    <subfield code="b">12.28</subfield>
    <subfield code="d">2018-01-17</subfield>
    <subfield code="l">1</subfield>
    <subfield code="o">P Year 6 500</subfield>
    <subfield code="p">00032669SSW</subfield>
    <subfield code="q">2024-11-29</subfield>
    <subfield code="r">2024-04-30 13:25:45</subfield>
    <subfield code="s">2024-04-30</subfield>
    <subfield code="w">2024-01-23</subfield>
    <subfield code="y">TXB</subfield>
  </datafield>
  <datafield tag="952" ind1=" " ind2=" ">
    <subfield code="0">0</subfield>
    <subfield code="1">0</subfield>
    <subfield code="2">ddc</subfield>
    <subfield code="4">0</subfield>
    <subfield code="7">0</subfield>
    <subfield code="a">12.28</subfield>
    <subfield code="b">12.28</subfield>
    <subfield code="d">2018-01-17</subfield>
    <subfield code="l">1</subfield>
    <subfield code="o">P Year 6 500</subfield>
    <subfield code="p">00032672SSW</subfield>
    <subfield code="q">2024-11-29</subfield>
    <subfield code="r">2024-02-21 18:02:40</subfield>
    <subfield code="s">2024-02-21</subfield>
    <subfield code="w">2024-01-23</subfield>
    <subfield code="y">TXB</subfield>
  </datafield>
  <datafield tag="952" ind1=" " ind2=" ">
    <subfield code="0">0</subfield>
    <subfield code="1">0</subfield>
    <subfield code="2">ddc</subfield>
    <subfield code="4">0</subfield>
    <subfield code="7">0</subfield>
    <subfield code="a">12.27</subfield>
    <subfield code="b">12.27</subfield>
    <subfield code="d">2018-01-17</subfield>
    <subfield code="l">1</subfield>
    <subfield code="o">AP Year 6 500 JOH</subfield>
    <subfield code="p">00032677AGC</subfield>
    <subfield code="q">2024-11-29</subfield>
    <subfield code="r">2024-02-27 12:06:25</subfield>
    <subfield code="s">2024-02-27</subfield>
    <subfield code="w">2024-01-23</subfield>
    <subfield code="y">TXB</subfield>
  </datafield>
  <datafield tag="952" ind1=" " ind2=" ">
    <subfield code="0">0</subfield>
    <subfield code="1">0</subfield>
    <subfield code="2">ddc</subfield>
    <subfield code="4">0</subfield>
    <subfield code="7">0</subfield>
    <subfield code="a">12.27</subfield>
    <subfield code="b">12.27</subfield>
    <subfield code="d">2018-01-17</subfield>
    <subfield code="l">1</subfield>
    <subfield code="o">AP Year 6 500 JOH</subfield>
    <subfield code="p">00032680AGC</subfield>
    <subfield code="q">2024-11-29</subfield>
    <subfield code="r">2024-02-27 11:59:11</subfield>
    <subfield code="s">2024-02-27</subfield>
    <subfield code="w">2024-01-23</subfield>
    <subfield code="y">TXB</subfield>
  </datafield>
  <datafield tag="952" ind1=" " ind2=" ">
    <subfield code="0">0</subfield>
    <subfield code="1">0</subfield>
    <subfield code="2">ddc</subfield>
    <subfield code="4">0</subfield>
    <subfield code="7">0</subfield>
    <subfield code="a">12.27</subfield>
    <subfield code="b">12.27</subfield>
    <subfield code="d">2018-01-17</subfield>
    <subfield code="l">1</subfield>
    <subfield code="o">AP Year 6 500 JOH</subfield>
    <subfield code="p">00032685AGC</subfield>
    <subfield code="q">2024-11-29</subfield>
    <subfield code="r">2024-02-27 12:40:55</subfield>
    <subfield code="s">2024-02-27</subfield>
    <subfield code="w">2024-01-23</subfield>
    <subfield code="y">TXB</subfield>
  </datafield>
  <datafield tag="952" ind1=" " ind2=" ">
    <subfield code="0">0</subfield>
    <subfield code="1">0</subfield>
    <subfield code="2">ddc</subfield>
    <subfield code="4">0</subfield>
    <subfield code="7">0</subfield>
    <subfield code="a">12.27</subfield>
    <subfield code="b">12.27</subfield>
    <subfield code="d">2018-01-17</subfield>
    <subfield code="l">1</subfield>
    <subfield code="o">AP Year 6 500 JOH</subfield>
    <subfield code="p">00032688AGC</subfield>
    <subfield code="q">2024-11-29</subfield>
    <subfield code="r">2024-02-27 12:10:00</subfield>
    <subfield code="s">2024-02-27</subfield>
    <subfield code="w">2024-01-23</subfield>
    <subfield code="y">TXB</subfield>
  </datafield>
  <datafield tag="952" ind1=" " ind2=" ">
    <subfield code="0">0</subfield>
    <subfield code="1">0</subfield>
    <subfield code="2">ddc</subfield>
    <subfield code="4">0</subfield>
    <subfield code="7">0</subfield>
    <subfield code="a">12.27</subfield>
    <subfield code="b">12.27</subfield>
    <subfield code="d">2018-01-17</subfield>
    <subfield code="l">1</subfield>
    <subfield code="o">AP Year 6 500 JOH</subfield>
    <subfield code="p">00032693AGC</subfield>
    <subfield code="q">2024-11-29</subfield>
    <subfield code="r">2024-02-19 17:49:37</subfield>
    <subfield code="s">2024-02-19</subfield>
    <subfield code="w">2024-01-23</subfield>
    <subfield code="y">TXB</subfield>
  </datafield>
  <datafield tag="952" ind1=" " ind2=" ">
    <subfield code="0">0</subfield>
    <subfield code="1">0</subfield>
    <subfield code="2">ddc</subfield>
    <subfield code="4">0</subfield>
    <subfield code="7">0</subfield>
    <subfield code="a">12.27</subfield>
    <subfield code="b">12.27</subfield>
    <subfield code="d">2018-01-17</subfield>
    <subfield code="l">1</subfield>
    <subfield code="o">AP Year 6 500 JOH</subfield>
    <subfield code="p">00032698AGC</subfield>
    <subfield code="q">2024-11-29</subfield>
    <subfield code="r">2024-02-27 12:20:06</subfield>
    <subfield code="s">2024-02-27</subfield>
    <subfield code="w">2024-01-23</subfield>
    <subfield code="y">TXB</subfield>
  </datafield>
  <datafield tag="952" ind1=" " ind2=" ">
    <subfield code="0">0</subfield>
    <subfield code="1">0</subfield>
    <subfield code="2">ddc</subfield>
    <subfield code="4">0</subfield>
    <subfield code="7">0</subfield>
    <subfield code="a">12.28</subfield>
    <subfield code="b">12.28</subfield>
    <subfield code="d">2018-01-17</subfield>
    <subfield code="l">1</subfield>
    <subfield code="o">P Year 6 500</subfield>
    <subfield code="p">00032701SSW</subfield>
    <subfield code="q">2024-11-29</subfield>
    <subfield code="r">2024-02-21 15:10:05</subfield>
    <subfield code="s">2024-02-21</subfield>
    <subfield code="w">2024-01-23</subfield>
    <subfield code="y">TXB</subfield>
  </datafield>
  <datafield tag="952" ind1=" " ind2=" ">
    <subfield code="0">0</subfield>
    <subfield code="1">0</subfield>
    <subfield code="2">ddc</subfield>
    <subfield code="4">0</subfield>
    <subfield code="7">0</subfield>
    <subfield code="a">12.28</subfield>
    <subfield code="b">12.28</subfield>
    <subfield code="d">2018-01-17</subfield>
    <subfield code="l">1</subfield>
    <subfield code="o">P Year 6 500</subfield>
    <subfield code="p">00032706SSW</subfield>
    <subfield code="q">2024-11-29</subfield>
    <subfield code="r">2024-02-21 21:04:52</subfield>
    <subfield code="s">2024-02-21</subfield>
    <subfield code="w">2024-01-23</subfield>
    <subfield code="y">TXB</subfield>
  </datafield>
  <datafield tag="952" ind1=" " ind2=" ">
    <subfield code="0">0</subfield>
    <subfield code="1">0</subfield>
    <subfield code="2">ddc</subfield>
    <subfield code="4">0</subfield>
    <subfield code="7">0</subfield>
    <subfield code="a">12.28</subfield>
    <subfield code="b">12.28</subfield>
    <subfield code="d">2018-01-17</subfield>
    <subfield code="l">1</subfield>
    <subfield code="o">P Year 6 500</subfield>
    <subfield code="p">00032709SSW</subfield>
    <subfield code="q">2024-11-29</subfield>
    <subfield code="r">2024-02-21 20:58:08</subfield>
    <subfield code="s">2024-02-21</subfield>
    <subfield code="w">2024-01-23</subfield>
    <subfield code="y">TXB</subfield>
  </datafield>
  <datafield tag="952" ind1=" " ind2=" ">
    <subfield code="0">0</subfield>
    <subfield code="1">0</subfield>
    <subfield code="2">ddc</subfield>
    <subfield code="4">0</subfield>
    <subfield code="7">0</subfield>
    <subfield code="a">12.28</subfield>
    <subfield code="b">12.28</subfield>
    <subfield code="d">2018-01-17</subfield>
    <subfield code="l">1</subfield>
    <subfield code="o">P Year 6 500</subfield>
    <subfield code="p">00032714SSW</subfield>
    <subfield code="q">2024-11-29</subfield>
    <subfield code="r">2024-02-21 20:06:00</subfield>
    <subfield code="s">2024-02-21</subfield>
    <subfield code="w">2024-01-23</subfield>
    <subfield code="y">TXB</subfield>
  </datafield>
  <datafield tag="952" ind1=" " ind2=" ">
    <subfield code="0">0</subfield>
    <subfield code="1">0</subfield>
    <subfield code="2">ddc</subfield>
    <subfield code="4">0</subfield>
    <subfield code="7">0</subfield>
    <subfield code="a">12.28</subfield>
    <subfield code="b">12.28</subfield>
    <subfield code="d">2018-01-17</subfield>
    <subfield code="l">1</subfield>
    <subfield code="o">P Year 6 500</subfield>
    <subfield code="p">00032717SSW</subfield>
    <subfield code="q">2024-11-29</subfield>
    <subfield code="r">2024-02-21 20:47:24</subfield>
    <subfield code="s">2024-02-21</subfield>
    <subfield code="w">2024-01-23</subfield>
    <subfield code="y">TXB</subfield>
  </datafield>
  <datafield tag="952" ind1=" " ind2=" ">
    <subfield code="0">0</subfield>
    <subfield code="1">0</subfield>
    <subfield code="2">ddc</subfield>
    <subfield code="4">0</subfield>
    <subfield code="7">0</subfield>
    <subfield code="a">12.27</subfield>
    <subfield code="b">12.27</subfield>
    <subfield code="d">2018-01-17</subfield>
    <subfield code="l">1</subfield>
    <subfield code="o">AP Year 6 500 JOH</subfield>
    <subfield code="p">00032722AGC</subfield>
    <subfield code="q">2024-11-29</subfield>
    <subfield code="r">2024-02-27 11:54:26</subfield>
    <subfield code="s">2024-02-27</subfield>
    <subfield code="w">2024-01-23</subfield>
    <subfield code="y">TXB</subfield>
  </datafield>
  <datafield tag="952" ind1=" " ind2=" ">
    <subfield code="0">0</subfield>
    <subfield code="1">0</subfield>
    <subfield code="2">ddc</subfield>
    <subfield code="4">0</subfield>
    <subfield code="7">0</subfield>
    <subfield code="a">12.28</subfield>
    <subfield code="b">12.28</subfield>
    <subfield code="d">2018-01-17</subfield>
    <subfield code="l">1</subfield>
    <subfield code="o">P Year 6 500</subfield>
    <subfield code="p">00032725SSW</subfield>
    <subfield code="q">2024-11-29</subfield>
    <subfield code="r">2024-02-21 17:43:58</subfield>
    <subfield code="s">2024-02-21</subfield>
    <subfield code="w">2024-01-23</subfield>
    <subfield code="y">TXB</subfield>
  </datafield>
  <datafield tag="952" ind1=" " ind2=" ">
    <subfield code="0">0</subfield>
    <subfield code="1">0</subfield>
    <subfield code="2">ddc</subfield>
    <subfield code="4">0</subfield>
    <subfield code="7">0</subfield>
    <subfield code="a">12.28</subfield>
    <subfield code="b">12.28</subfield>
    <subfield code="d">2018-01-17</subfield>
    <subfield code="l">1</subfield>
    <subfield code="o">P Year 6 500</subfield>
    <subfield code="p">00032730SSW</subfield>
    <subfield code="q">2024-11-29</subfield>
    <subfield code="r">2024-02-21 19:15:22</subfield>
    <subfield code="s">2024-02-21</subfield>
    <subfield code="w">2024-01-23</subfield>
    <subfield code="y">TXB</subfield>
  </datafield>
  <datafield tag="952" ind1=" " ind2=" ">
    <subfield code="0">0</subfield>
    <subfield code="1">0</subfield>
    <subfield code="2">ddc</subfield>
    <subfield code="4">0</subfield>
    <subfield code="7">0</subfield>
    <subfield code="a">12.28</subfield>
    <subfield code="b">12.28</subfield>
    <subfield code="d">2018-01-17</subfield>
    <subfield code="l">1</subfield>
    <subfield code="o">P Year 6 500</subfield>
    <subfield code="p">00032733SSW</subfield>
    <subfield code="q">2024-11-29</subfield>
    <subfield code="r">2024-02-21 17:39:30</subfield>
    <subfield code="s">2024-02-21</subfield>
    <subfield code="w">2024-01-23</subfield>
    <subfield code="y">TXB</subfield>
  </datafield>
  <datafield tag="952" ind1=" " ind2=" ">
    <subfield code="0">0</subfield>
    <subfield code="1">0</subfield>
    <subfield code="2">ddc</subfield>
    <subfield code="4">0</subfield>
    <subfield code="7">0</subfield>
    <subfield code="a">12.28</subfield>
    <subfield code="b">12.28</subfield>
    <subfield code="d">2018-01-17</subfield>
    <subfield code="l">1</subfield>
    <subfield code="o">P Year 6 500</subfield>
    <subfield code="p">00032738SSW</subfield>
    <subfield code="q">2024-11-29</subfield>
    <subfield code="r">2024-02-21 21:16:45</subfield>
    <subfield code="s">2024-02-21</subfield>
    <subfield code="w">2024-01-23</subfield>
    <subfield code="y">TXB</subfield>
  </datafield>
  <datafield tag="952" ind1=" " ind2=" ">
    <subfield code="0">0</subfield>
    <subfield code="1">0</subfield>
    <subfield code="2">ddc</subfield>
    <subfield code="4">0</subfield>
    <subfield code="7">0</subfield>
    <subfield code="a">12.27</subfield>
    <subfield code="b">12.27</subfield>
    <subfield code="d">2018-01-30</subfield>
    <subfield code="l">1</subfield>
    <subfield code="o">AP Year 6 500 JOH</subfield>
    <subfield code="p">00033519AGC</subfield>
    <subfield code="q">2024-11-29</subfield>
    <subfield code="r">2024-02-27 11:58:29</subfield>
    <subfield code="s">2024-02-27</subfield>
    <subfield code="w">2024-01-23</subfield>
    <subfield code="y">TXB</subfield>
  </datafield>
  <datafield tag="952" ind1=" " ind2=" ">
    <subfield code="0">0</subfield>
    <subfield code="1">0</subfield>
    <subfield code="2">ddc</subfield>
    <subfield code="4">0</subfield>
    <subfield code="7">0</subfield>
    <subfield code="a">12.28</subfield>
    <subfield code="b">12.28</subfield>
    <subfield code="d">2018-01-18</subfield>
    <subfield code="l">1</subfield>
    <subfield code="o">P Year 6 500</subfield>
    <subfield code="p">00032788SSW</subfield>
    <subfield code="q">2024-11-29</subfield>
    <subfield code="r">2024-02-21 21:08:42</subfield>
    <subfield code="s">2024-02-21</subfield>
    <subfield code="w">2024-01-23</subfield>
    <subfield code="y">TXB</subfield>
  </datafield>
  <datafield tag="952" ind1=" " ind2=" ">
    <subfield code="0">0</subfield>
    <subfield code="1">0</subfield>
    <subfield code="2">ddc</subfield>
    <subfield code="4">0</subfield>
    <subfield code="7">0</subfield>
    <subfield code="a">12.28</subfield>
    <subfield code="b">12.28</subfield>
    <subfield code="d">2019-04-10</subfield>
    <subfield code="l">1</subfield>
    <subfield code="o">P Year 6 500</subfield>
    <subfield code="p">00043601SSW</subfield>
    <subfield code="q">2024-11-29</subfield>
    <subfield code="r">2024-02-21 17:53:22</subfield>
    <subfield code="s">2024-02-21</subfield>
    <subfield code="w">2024-01-23</subfield>
    <subfield code="y">TXB</subfield>
  </datafield>
  <datafield tag="952" ind1=" " ind2=" ">
    <subfield code="0">0</subfield>
    <subfield code="1">0</subfield>
    <subfield code="2">ddc</subfield>
    <subfield code="4">0</subfield>
    <subfield code="7">0</subfield>
    <subfield code="a">12.28</subfield>
    <subfield code="b">12.28</subfield>
    <subfield code="d">2019-04-10</subfield>
    <subfield code="l">1</subfield>
    <subfield code="o">P Year 6 500</subfield>
    <subfield code="p">00043604SSW</subfield>
    <subfield code="q">2024-11-29</subfield>
    <subfield code="r">2024-02-21 21:09:19</subfield>
    <subfield code="s">2024-02-21</subfield>
    <subfield code="w">2024-01-23</subfield>
    <subfield code="y">TXB</subfield>
  </datafield>
  <datafield tag="952" ind1=" " ind2=" ">
    <subfield code="0">0</subfield>
    <subfield code="1">0</subfield>
    <subfield code="2">ddc</subfield>
    <subfield code="4">0</subfield>
    <subfield code="7">0</subfield>
    <subfield code="a">12.28</subfield>
    <subfield code="b">12.28</subfield>
    <subfield code="d">2019-04-10</subfield>
    <subfield code="l">1</subfield>
    <subfield code="o">P Year 6 500</subfield>
    <subfield code="p">00043609SSW</subfield>
    <subfield code="q">2024-11-29</subfield>
    <subfield code="r">2024-02-21 19:22:44</subfield>
    <subfield code="s">2024-02-21</subfield>
    <subfield code="w">2024-01-23</subfield>
    <subfield code="y">TXB</subfield>
  </datafield>
  <datafield tag="952" ind1=" " ind2=" ">
    <subfield code="0">0</subfield>
    <subfield code="1">0</subfield>
    <subfield code="2">ddc</subfield>
    <subfield code="4">0</subfield>
    <subfield code="7">0</subfield>
    <subfield code="a">12.28</subfield>
    <subfield code="b">12.28</subfield>
    <subfield code="d">2019-04-10</subfield>
    <subfield code="l">1</subfield>
    <subfield code="o">P Year 6 500</subfield>
    <subfield code="p">00043612SSW</subfield>
    <subfield code="q">2024-11-29</subfield>
    <subfield code="r">2024-02-21 21:04:17</subfield>
    <subfield code="s">2024-02-21</subfield>
    <subfield code="w">2024-01-23</subfield>
    <subfield code="y">TXB</subfield>
  </datafield>
  <datafield tag="952" ind1=" " ind2=" ">
    <subfield code="0">0</subfield>
    <subfield code="1">0</subfield>
    <subfield code="2">ddc</subfield>
    <subfield code="4">0</subfield>
    <subfield code="7">0</subfield>
    <subfield code="a">12.28</subfield>
    <subfield code="b">12.28</subfield>
    <subfield code="d">2019-04-10</subfield>
    <subfield code="l">1</subfield>
    <subfield code="o">P Year 6 500</subfield>
    <subfield code="p">00043617SSW</subfield>
    <subfield code="q">2024-11-29</subfield>
    <subfield code="r">2024-02-21 19:20:17</subfield>
    <subfield code="s">2024-02-21</subfield>
    <subfield code="w">2024-01-23</subfield>
    <subfield code="y">TXB</subfield>
  </datafield>
  <datafield tag="952" ind1=" " ind2=" ">
    <subfield code="0">0</subfield>
    <subfield code="1">0</subfield>
    <subfield code="2">ddc</subfield>
    <subfield code="4">0</subfield>
    <subfield code="7">0</subfield>
    <subfield code="a">12.28</subfield>
    <subfield code="b">12.28</subfield>
    <subfield code="d">2019-04-10</subfield>
    <subfield code="l">1</subfield>
    <subfield code="o">P Year 6 500</subfield>
    <subfield code="p">00043622SSW</subfield>
    <subfield code="q">2024-11-29</subfield>
    <subfield code="r">2024-02-21 20:09:21</subfield>
    <subfield code="s">2024-02-21</subfield>
    <subfield code="w">2024-01-23</subfield>
    <subfield code="y">TXB</subfield>
  </datafield>
  <datafield tag="952" ind1=" " ind2=" ">
    <subfield code="0">0</subfield>
    <subfield code="1">0</subfield>
    <subfield code="2">ddc</subfield>
    <subfield code="4">0</subfield>
    <subfield code="7">0</subfield>
    <subfield code="a">12.28</subfield>
    <subfield code="b">12.28</subfield>
    <subfield code="d">2019-04-10</subfield>
    <subfield code="l">1</subfield>
    <subfield code="o">P Year 6 500</subfield>
    <subfield code="p">00043625SSW</subfield>
    <subfield code="q">2024-11-29</subfield>
    <subfield code="r">2024-02-21 15:08:05</subfield>
    <subfield code="s">2024-02-21</subfield>
    <subfield code="w">2024-01-23</subfield>
    <subfield code="y">TXB</subfield>
  </datafield>
  <datafield tag="952" ind1=" " ind2=" ">
    <subfield code="0">0</subfield>
    <subfield code="1">0</subfield>
    <subfield code="2">ddc</subfield>
    <subfield code="4">0</subfield>
    <subfield code="7">0</subfield>
    <subfield code="a">12.28</subfield>
    <subfield code="b">12.28</subfield>
    <subfield code="d">2018-01-17</subfield>
    <subfield code="l">1</subfield>
    <subfield code="o">P Year 6 500</subfield>
    <subfield code="p">00032684SSW</subfield>
    <subfield code="q">2024-11-29</subfield>
    <subfield code="r">2024-02-21 17:38:55</subfield>
    <subfield code="s">2024-02-21</subfield>
    <subfield code="w">2024-01-23</subfield>
    <subfield code="y">TXB</subfield>
  </datafield>
  <datafield tag="952" ind1=" " ind2=" ">
    <subfield code="0">0</subfield>
    <subfield code="1">0</subfield>
    <subfield code="2">ddc</subfield>
    <subfield code="4">0</subfield>
    <subfield code="7">0</subfield>
    <subfield code="a">12.27</subfield>
    <subfield code="b">12.27</subfield>
    <subfield code="d">2018-01-17</subfield>
    <subfield code="l">0</subfield>
    <subfield code="o">AP Year 6 500 JOH</subfield>
    <subfield code="p">00032689AGC</subfield>
    <subfield code="r">2024-01-23 14:45:21</subfield>
    <subfield code="w">2024-01-23</subfield>
    <subfield code="y">TXB</subfield>
    <subfield code="u"></subfield>
  </datafield>
  <datafield tag="952" ind1=" " ind2=" ">
    <subfield code="0">0</subfield>
    <subfield code="1">0</subfield>
    <subfield code="2">ddc</subfield>
    <subfield code="4">0</subfield>
    <subfield code="7">0</subfield>
    <subfield code="a">12.28</subfield>
    <subfield code="b">12.28</subfield>
    <subfield code="d">2018-01-17</subfield>
    <subfield code="l">1</subfield>
    <subfield code="o">P Year 6 500</subfield>
    <subfield code="p">00032694SSW</subfield>
    <subfield code="q">2024-11-29</subfield>
    <subfield code="r">2024-02-21 15:10:40</subfield>
    <subfield code="s">2024-02-21</subfield>
    <subfield code="w">2024-01-23</subfield>
    <subfield code="y">TXB</subfield>
  </datafield>
  <datafield tag="952" ind1=" " ind2=" ">
    <subfield code="0">0</subfield>
    <subfield code="1">0</subfield>
    <subfield code="2">ddc</subfield>
    <subfield code="4">0</subfield>
    <subfield code="7">0</subfield>
    <subfield code="a">12.28</subfield>
    <subfield code="b">12.28</subfield>
    <subfield code="d">2018-01-17</subfield>
    <subfield code="l">0</subfield>
    <subfield code="o">P Year 6 500</subfield>
    <subfield code="p">00032697SSW</subfield>
    <subfield code="r">2024-01-23 14:45:21</subfield>
    <subfield code="w">2024-01-23</subfield>
    <subfield code="y">TXB</subfield>
  </datafield>
  <datafield tag="952" ind1=" " ind2=" ">
    <subfield code="0">0</subfield>
    <subfield code="1">0</subfield>
    <subfield code="2">ddc</subfield>
    <subfield code="4">0</subfield>
    <subfield code="7">0</subfield>
    <subfield code="a">12.27</subfield>
    <subfield code="b">12.27</subfield>
    <subfield code="d">2018-01-17</subfield>
    <subfield code="l">1</subfield>
    <subfield code="o">AP Year 6 500 JOH</subfield>
    <subfield code="p">00032702AGC</subfield>
    <subfield code="q">2024-11-29</subfield>
    <subfield code="r">2024-02-27 12:23:19</subfield>
    <subfield code="s">2024-02-27</subfield>
    <subfield code="w">2024-01-23</subfield>
    <subfield code="y">TXB</subfield>
  </datafield>
  <datafield tag="952" ind1=" " ind2=" ">
    <subfield code="0">0</subfield>
    <subfield code="1">0</subfield>
    <subfield code="2">ddc</subfield>
    <subfield code="4">0</subfield>
    <subfield code="7">0</subfield>
    <subfield code="a">12.28</subfield>
    <subfield code="b">12.28</subfield>
    <subfield code="d">2018-01-17</subfield>
    <subfield code="l">1</subfield>
    <subfield code="o">P Year 6 500</subfield>
    <subfield code="p">00032705SSW</subfield>
    <subfield code="q">2024-11-29</subfield>
    <subfield code="r">2024-02-21 21:01:50</subfield>
    <subfield code="s">2024-02-21</subfield>
    <subfield code="w">2024-01-23</subfield>
    <subfield code="y">TXB</subfield>
  </datafield>
  <datafield tag="952" ind1=" " ind2=" ">
    <subfield code="0">0</subfield>
    <subfield code="1">0</subfield>
    <subfield code="2">ddc</subfield>
    <subfield code="4">0</subfield>
    <subfield code="7">0</subfield>
    <subfield code="a">12.27</subfield>
    <subfield code="b">12.27</subfield>
    <subfield code="d">2018-01-17</subfield>
    <subfield code="l">1</subfield>
    <subfield code="o">AP Year 6 500 JOH</subfield>
    <subfield code="p">00032710AGC</subfield>
    <subfield code="q">2024-11-29</subfield>
    <subfield code="r">2024-02-27 12:18:14</subfield>
    <subfield code="s">2024-02-27</subfield>
    <subfield code="w">2024-01-23</subfield>
    <subfield code="y">TXB</subfield>
  </datafield>
  <datafield tag="952" ind1=" " ind2=" ">
    <subfield code="0">0</subfield>
    <subfield code="1">0</subfield>
    <subfield code="2">ddc</subfield>
    <subfield code="4">0</subfield>
    <subfield code="7">0</subfield>
    <subfield code="a">12.28</subfield>
    <subfield code="b">12.28</subfield>
    <subfield code="d">2018-01-17</subfield>
    <subfield code="l">1</subfield>
    <subfield code="o">P Year 6 500</subfield>
    <subfield code="p">00032713SSW</subfield>
    <subfield code="q">2024-11-29</subfield>
    <subfield code="r">2024-02-21 17:58:21</subfield>
    <subfield code="s">2024-02-21</subfield>
    <subfield code="w">2024-01-23</subfield>
    <subfield code="y">TXB</subfield>
  </datafield>
  <datafield tag="952" ind1=" " ind2=" ">
    <subfield code="0">0</subfield>
    <subfield code="1">0</subfield>
    <subfield code="2">ddc</subfield>
    <subfield code="4">0</subfield>
    <subfield code="7">0</subfield>
    <subfield code="a">12.27</subfield>
    <subfield code="b">12.27</subfield>
    <subfield code="d">2018-01-17</subfield>
    <subfield code="l">1</subfield>
    <subfield code="o">AP Year 6 500 JOH</subfield>
    <subfield code="p">00032718AGC</subfield>
    <subfield code="q">2024-11-29</subfield>
    <subfield code="r">2024-02-27 12:20:54</subfield>
    <subfield code="s">2024-02-27</subfield>
    <subfield code="w">2024-01-23</subfield>
    <subfield code="y">TXB</subfield>
  </datafield>
  <datafield tag="952" ind1=" " ind2=" ">
    <subfield code="0">0</subfield>
    <subfield code="1">0</subfield>
    <subfield code="2">ddc</subfield>
    <subfield code="4">0</subfield>
    <subfield code="7">0</subfield>
    <subfield code="a">12.27</subfield>
    <subfield code="b">12.27</subfield>
    <subfield code="d">2018-01-17</subfield>
    <subfield code="l">1</subfield>
    <subfield code="o">AP Year 6 500 JOH</subfield>
    <subfield code="p">00032721AGC</subfield>
    <subfield code="q">2024-11-29</subfield>
    <subfield code="r">2024-02-27 11:56:53</subfield>
    <subfield code="s">2024-02-27</subfield>
    <subfield code="w">2024-01-23</subfield>
    <subfield code="y">TXB</subfield>
  </datafield>
  <datafield tag="952" ind1=" " ind2=" ">
    <subfield code="0">0</subfield>
    <subfield code="1">0</subfield>
    <subfield code="2">ddc</subfield>
    <subfield code="4">0</subfield>
    <subfield code="7">0</subfield>
    <subfield code="a">12.28</subfield>
    <subfield code="b">12.28</subfield>
    <subfield code="d">2018-01-17</subfield>
    <subfield code="l">1</subfield>
    <subfield code="o">P Year 6 500</subfield>
    <subfield code="p">00032726SSW</subfield>
    <subfield code="q">2024-11-29</subfield>
    <subfield code="r">2024-02-21 18:03:12</subfield>
    <subfield code="s">2024-02-21</subfield>
    <subfield code="w">2024-01-23</subfield>
    <subfield code="y">TXB</subfield>
  </datafield>
  <datafield tag="952" ind1=" " ind2=" ">
    <subfield code="0">0</subfield>
    <subfield code="1">0</subfield>
    <subfield code="2">ddc</subfield>
    <subfield code="4">0</subfield>
    <subfield code="7">0</subfield>
    <subfield code="a">12.28</subfield>
    <subfield code="b">12.28</subfield>
    <subfield code="d">2018-01-17</subfield>
    <subfield code="l">1</subfield>
    <subfield code="o">P Year 6 500</subfield>
    <subfield code="p">00032729SSW</subfield>
    <subfield code="q">2024-11-29</subfield>
    <subfield code="r">2024-02-21 20:04:49</subfield>
    <subfield code="s">2024-02-21</subfield>
    <subfield code="w">2024-01-23</subfield>
    <subfield code="y">TXB</subfield>
  </datafield>
  <datafield tag="952" ind1=" " ind2=" ">
    <subfield code="0">0</subfield>
    <subfield code="1">0</subfield>
    <subfield code="2">ddc</subfield>
    <subfield code="4">0</subfield>
    <subfield code="7">0</subfield>
    <subfield code="a">12.28</subfield>
    <subfield code="b">12.28</subfield>
    <subfield code="d">2018-01-17</subfield>
    <subfield code="l">1</subfield>
    <subfield code="o">P Year 6 500</subfield>
    <subfield code="p">00032734SSW</subfield>
    <subfield code="q">2024-11-29</subfield>
    <subfield code="r">2024-02-21 19:23:26</subfield>
    <subfield code="s">2024-02-21</subfield>
    <subfield code="w">2024-01-23</subfield>
    <subfield code="y">TXB</subfield>
  </datafield>
  <datafield tag="952" ind1=" " ind2=" ">
    <subfield code="0">0</subfield>
    <subfield code="1">0</subfield>
    <subfield code="2">ddc</subfield>
    <subfield code="4">0</subfield>
    <subfield code="7">0</subfield>
    <subfield code="a">12.28</subfield>
    <subfield code="b">12.28</subfield>
    <subfield code="d">2018-01-17</subfield>
    <subfield code="l">1</subfield>
    <subfield code="o">P Year 6 500</subfield>
    <subfield code="p">00032737SSW</subfield>
    <subfield code="q">2024-11-29</subfield>
    <subfield code="r">2024-02-23 12:09:53</subfield>
    <subfield code="s">2024-02-23</subfield>
    <subfield code="w">2024-01-23</subfield>
    <subfield code="y">TXB</subfield>
  </datafield>
  <datafield tag="952" ind1=" " ind2=" ">
    <subfield code="0">0</subfield>
    <subfield code="1">0</subfield>
    <subfield code="2">ddc</subfield>
    <subfield code="4">0</subfield>
    <subfield code="7">0</subfield>
    <subfield code="a">12.28</subfield>
    <subfield code="b">12.28</subfield>
    <subfield code="d">2018-01-17</subfield>
    <subfield code="l">1</subfield>
    <subfield code="o">P Year 6 500</subfield>
    <subfield code="p">00032739SSW</subfield>
    <subfield code="q">2024-11-29</subfield>
    <subfield code="r">2024-02-21 21:16:16</subfield>
    <subfield code="s">2024-02-21</subfield>
    <subfield code="w">2024-01-23</subfield>
    <subfield code="y">TXB</subfield>
  </datafield>
  <datafield tag="952" ind1=" " ind2=" ">
    <subfield code="0">0</subfield>
    <subfield code="1">0</subfield>
    <subfield code="2">ddc</subfield>
    <subfield code="4">0</subfield>
    <subfield code="7">0</subfield>
    <subfield code="a">12.28</subfield>
    <subfield code="b">12.28</subfield>
    <subfield code="d">2018-01-17</subfield>
    <subfield code="l">1</subfield>
    <subfield code="o">P Year 6 500</subfield>
    <subfield code="p">00032657SSW</subfield>
    <subfield code="q">2024-11-29</subfield>
    <subfield code="r">2024-02-21 18:03:45</subfield>
    <subfield code="s">2024-02-21</subfield>
    <subfield code="w">2024-01-23</subfield>
    <subfield code="y">TXB</subfield>
  </datafield>
  <datafield tag="952" ind1=" " ind2=" ">
    <subfield code="0">0</subfield>
    <subfield code="1">0</subfield>
    <subfield code="2">ddc</subfield>
    <subfield code="4">0</subfield>
    <subfield code="7">0</subfield>
    <subfield code="a">12.28</subfield>
    <subfield code="b">12.28</subfield>
    <subfield code="d">2018-01-17</subfield>
    <subfield code="l">1</subfield>
    <subfield code="o">P Year 6 500</subfield>
    <subfield code="p">00032660SSW</subfield>
    <subfield code="q">2024-11-29</subfield>
    <subfield code="r">2024-02-21 20:08:36</subfield>
    <subfield code="s">2024-02-21</subfield>
    <subfield code="w">2024-01-23</subfield>
    <subfield code="y">TXB</subfield>
  </datafield>
  <datafield tag="952" ind1=" " ind2=" ">
    <subfield code="0">0</subfield>
    <subfield code="1">0</subfield>
    <subfield code="2">ddc</subfield>
    <subfield code="4">0</subfield>
    <subfield code="7">0</subfield>
    <subfield code="a">12.28</subfield>
    <subfield code="b">12.28</subfield>
    <subfield code="d">2018-01-17</subfield>
    <subfield code="l">1</subfield>
    <subfield code="o">P Year 6 500</subfield>
    <subfield code="p">00032665SSW</subfield>
    <subfield code="q">2024-11-29</subfield>
    <subfield code="r">2024-02-22 14:44:48</subfield>
    <subfield code="s">2024-02-22</subfield>
    <subfield code="w">2024-01-23</subfield>
    <subfield code="y">TXB</subfield>
  </datafield>
  <datafield tag="952" ind1=" " ind2=" ">
    <subfield code="0">0</subfield>
    <subfield code="1">0</subfield>
    <subfield code="2">ddc</subfield>
    <subfield code="4">0</subfield>
    <subfield code="7">0</subfield>
    <subfield code="a">12.28</subfield>
    <subfield code="b">12.28</subfield>
    <subfield code="d">2018-01-17</subfield>
    <subfield code="l">1</subfield>
    <subfield code="o">P Year 6 500</subfield>
    <subfield code="p">00032668SSW</subfield>
    <subfield code="q">2024-11-29</subfield>
    <subfield code="r">2024-02-21 21:00:20</subfield>
    <subfield code="s">2024-02-21</subfield>
    <subfield code="w">2024-01-23</subfield>
    <subfield code="y">TXB</subfield>
  </datafield>
  <datafield tag="952" ind1=" " ind2=" ">
    <subfield code="0">0</subfield>
    <subfield code="1">0</subfield>
    <subfield code="2">ddc</subfield>
    <subfield code="4">0</subfield>
    <subfield code="7">0</subfield>
    <subfield code="a">12.28</subfield>
    <subfield code="b">12.28</subfield>
    <subfield code="d">2018-01-17</subfield>
    <subfield code="l">1</subfield>
    <subfield code="o">P Year 6 500</subfield>
    <subfield code="p">00032673SSW</subfield>
    <subfield code="q">2024-11-29</subfield>
    <subfield code="r">2024-02-21 20:08:05</subfield>
    <subfield code="s">2024-02-21</subfield>
    <subfield code="w">2024-01-23</subfield>
    <subfield code="y">TXB</subfield>
  </datafield>
  <datafield tag="952" ind1=" " ind2=" ">
    <subfield code="0">0</subfield>
    <subfield code="1">0</subfield>
    <subfield code="2">ddc</subfield>
    <subfield code="4">0</subfield>
    <subfield code="7">0</subfield>
    <subfield code="a">12.28</subfield>
    <subfield code="b">12.28</subfield>
    <subfield code="d">2018-01-17</subfield>
    <subfield code="l">1</subfield>
    <subfield code="o">P Year 6 500</subfield>
    <subfield code="p">00032676SSW</subfield>
    <subfield code="q">2024-11-29</subfield>
    <subfield code="r">2024-02-21 21:03:35</subfield>
    <subfield code="s">2024-02-21</subfield>
    <subfield code="w">2024-01-23</subfield>
    <subfield code="y">TXB</subfield>
  </datafield>
  <datafield tag="952" ind1=" " ind2=" ">
    <subfield code="0">0</subfield>
    <subfield code="1">0</subfield>
    <subfield code="2">ddc</subfield>
    <subfield code="4">0</subfield>
    <subfield code="7">0</subfield>
    <subfield code="a">12.28</subfield>
    <subfield code="b">12.28</subfield>
    <subfield code="d">2018-01-17</subfield>
    <subfield code="l">1</subfield>
    <subfield code="o">P Year 6 500</subfield>
    <subfield code="p">00032681SSW</subfield>
    <subfield code="q">2024-11-29</subfield>
    <subfield code="r">2024-02-22 14:49:05</subfield>
    <subfield code="s">2024-02-22</subfield>
    <subfield code="w">2024-01-23</subfield>
    <subfield code="y">TXB</subfield>
  </datafield>
  <datafield tag="952" ind1=" " ind2=" ">
    <subfield code="0">0</subfield>
    <subfield code="1">0</subfield>
    <subfield code="2">ddc</subfield>
    <subfield code="4">0</subfield>
    <subfield code="7">0</subfield>
    <subfield code="a">12.28</subfield>
    <subfield code="b">12.28</subfield>
    <subfield code="d">2018-01-25</subfield>
    <subfield code="l">1</subfield>
    <subfield code="o">P Year 6 500</subfield>
    <subfield code="p">00033310SSW</subfield>
    <subfield code="q">2024-11-29</subfield>
    <subfield code="r">2024-02-21 15:05:05</subfield>
    <subfield code="s">2024-02-21</subfield>
    <subfield code="w">2024-01-23</subfield>
    <subfield code="y">TXB</subfield>
  </datafield>
  <datafield tag="952" ind1=" " ind2=" ">
    <subfield code="0">0</subfield>
    <subfield code="1">0</subfield>
    <subfield code="2">ddc</subfield>
    <subfield code="4">0</subfield>
    <subfield code="7">0</subfield>
    <subfield code="a">12.28</subfield>
    <subfield code="b">12.28</subfield>
    <subfield code="d">2018-01-17</subfield>
    <subfield code="l">0</subfield>
    <subfield code="o">P Year 6 500</subfield>
    <subfield code="p">00032659SSW</subfield>
    <subfield code="r">2024-01-23 14:45:21</subfield>
    <subfield code="w">2024-01-23</subfield>
    <subfield code="y">TXB</subfield>
  </datafield>
  <datafield tag="952" ind1=" " ind2=" ">
    <subfield code="0">0</subfield>
    <subfield code="1">0</subfield>
    <subfield code="2">ddc</subfield>
    <subfield code="4">0</subfield>
    <subfield code="7">0</subfield>
    <subfield code="a">12.28</subfield>
    <subfield code="b">12.28</subfield>
    <subfield code="d">2018-01-17</subfield>
    <subfield code="l">1</subfield>
    <subfield code="o">P Year 6 500</subfield>
    <subfield code="p">00032662SSW</subfield>
    <subfield code="q">2024-11-29</subfield>
    <subfield code="r">2024-02-21 17:52:38</subfield>
    <subfield code="s">2024-02-21</subfield>
    <subfield code="w">2024-01-23</subfield>
    <subfield code="y">TXB</subfield>
  </datafield>
  <datafield tag="952" ind1=" " ind2=" ">
    <subfield code="0">0</subfield>
    <subfield code="1">0</subfield>
    <subfield code="2">ddc</subfield>
    <subfield code="4">0</subfield>
    <subfield code="7">0</subfield>
    <subfield code="a">12.28</subfield>
    <subfield code="b">12.28</subfield>
    <subfield code="d">2018-01-17</subfield>
    <subfield code="l">1</subfield>
    <subfield code="o">P Year 6 500</subfield>
    <subfield code="p">00032667SSW</subfield>
    <subfield code="r">2024-07-16 12:42:37</subfield>
    <subfield code="s">2024-02-21</subfield>
    <subfield code="w">2024-01-23</subfield>
    <subfield code="y">TXB</subfield>
  </datafield>
  <datafield tag="952" ind1=" " ind2=" ">
    <subfield code="0">0</subfield>
    <subfield code="1">0</subfield>
    <subfield code="2">ddc</subfield>
    <subfield code="4">0</subfield>
    <subfield code="7">0</subfield>
    <subfield code="a">12.28</subfield>
    <subfield code="b">12.28</subfield>
    <subfield code="d">2018-01-17</subfield>
    <subfield code="l">1</subfield>
    <subfield code="o">P Year 6 500</subfield>
    <subfield code="p">00032670SSW</subfield>
    <subfield code="q">2024-11-29</subfield>
    <subfield code="r">2024-02-21 21:13:27</subfield>
    <subfield code="s">2024-02-21</subfield>
    <subfield code="w">2024-01-23</subfield>
    <subfield code="y">TXB</subfield>
  </datafield>
  <datafield tag="952" ind1=" " ind2=" ">
    <subfield code="0">0</subfield>
    <subfield code="1">0</subfield>
    <subfield code="2">ddc</subfield>
    <subfield code="4">0</subfield>
    <subfield code="7">0</subfield>
    <subfield code="a">12.28</subfield>
    <subfield code="b">12.28</subfield>
    <subfield code="d">2018-01-17</subfield>
    <subfield code="l">1</subfield>
    <subfield code="o">P Year 6 500</subfield>
    <subfield code="p">00032675SSW</subfield>
    <subfield code="q">2024-11-29</subfield>
    <subfield code="r">2024-02-15 14:49:42</subfield>
    <subfield code="s">2024-02-15</subfield>
    <subfield code="w">2024-01-23</subfield>
    <subfield code="y">TXB</subfield>
  </datafield>
  <datafield tag="952" ind1=" " ind2=" ">
    <subfield code="0">0</subfield>
    <subfield code="1">0</subfield>
    <subfield code="2">ddc</subfield>
    <subfield code="4">0</subfield>
    <subfield code="7">0</subfield>
    <subfield code="a">12.28</subfield>
    <subfield code="b">12.28</subfield>
    <subfield code="d">2018-01-17</subfield>
    <subfield code="l">1</subfield>
    <subfield code="o">P Year 6 500</subfield>
    <subfield code="p">00032678SSW</subfield>
    <subfield code="q">2024-11-29</subfield>
    <subfield code="r">2024-02-21 19:38:17</subfield>
    <subfield code="s">2024-02-21</subfield>
    <subfield code="w">2024-01-23</subfield>
    <subfield code="y">TXB</subfield>
  </datafield>
  <datafield tag="952" ind1=" " ind2=" ">
    <subfield code="0">0</subfield>
    <subfield code="1">0</subfield>
    <subfield code="2">ddc</subfield>
    <subfield code="4">0</subfield>
    <subfield code="7">0</subfield>
    <subfield code="a">12.28</subfield>
    <subfield code="b">12.28</subfield>
    <subfield code="d">2018-01-17</subfield>
    <subfield code="l">1</subfield>
    <subfield code="o">P Year 6 500</subfield>
    <subfield code="p">00032683SSW</subfield>
    <subfield code="q">2024-11-29</subfield>
    <subfield code="r">2024-02-21 19:43:28</subfield>
    <subfield code="s">2024-02-21</subfield>
    <subfield code="w">2024-01-23</subfield>
    <subfield code="y">TXB</subfield>
  </datafield>
  <datafield tag="952" ind1=" " ind2=" ">
    <subfield code="0">0</subfield>
    <subfield code="1">0</subfield>
    <subfield code="2">ddc</subfield>
    <subfield code="4">0</subfield>
    <subfield code="7">0</subfield>
    <subfield code="a">12.27</subfield>
    <subfield code="b">12.27</subfield>
    <subfield code="d">2018-01-17</subfield>
    <subfield code="l">1</subfield>
    <subfield code="o">AP Year 6 500 JOH</subfield>
    <subfield code="p">00032686AGC</subfield>
    <subfield code="q">2024-11-29</subfield>
    <subfield code="r">2024-02-27 11:57:44</subfield>
    <subfield code="s">2024-02-27</subfield>
    <subfield code="w">2024-01-23</subfield>
    <subfield code="y">TXB</subfield>
  </datafield>
  <datafield tag="952" ind1=" " ind2=" ">
    <subfield code="0">0</subfield>
    <subfield code="1">0</subfield>
    <subfield code="2">ddc</subfield>
    <subfield code="4">0</subfield>
    <subfield code="7">0</subfield>
    <subfield code="a">12.28</subfield>
    <subfield code="b">12.28</subfield>
    <subfield code="d">2018-01-17</subfield>
    <subfield code="l">0</subfield>
    <subfield code="o">P Year 6 500</subfield>
    <subfield code="p">00032691SSW</subfield>
    <subfield code="r">2024-01-23 14:45:21</subfield>
    <subfield code="w">2024-01-23</subfield>
    <subfield code="y">TXB</subfield>
  </datafield>
  <datafield tag="952" ind1=" " ind2=" ">
    <subfield code="0">0</subfield>
    <subfield code="1">0</subfield>
    <subfield code="2">ddc</subfield>
    <subfield code="4">0</subfield>
    <subfield code="7">0</subfield>
    <subfield code="a">12.28</subfield>
    <subfield code="b">12.28</subfield>
    <subfield code="d">2018-01-17</subfield>
    <subfield code="l">1</subfield>
    <subfield code="o">P Year 6 500</subfield>
    <subfield code="p">00032696SSW</subfield>
    <subfield code="q">2024-11-29</subfield>
    <subfield code="r">2024-02-21 15:08:49</subfield>
    <subfield code="s">2024-02-21</subfield>
    <subfield code="w">2024-01-23</subfield>
    <subfield code="y">TXB</subfield>
  </datafield>
  <datafield tag="952" ind1=" " ind2=" ">
    <subfield code="0">0</subfield>
    <subfield code="1">0</subfield>
    <subfield code="2">ddc</subfield>
    <subfield code="4">0</subfield>
    <subfield code="7">0</subfield>
    <subfield code="a">12.28</subfield>
    <subfield code="b">12.28</subfield>
    <subfield code="d">2018-01-17</subfield>
    <subfield code="l">1</subfield>
    <subfield code="o">P Year 6 500</subfield>
    <subfield code="p">00032699SSW</subfield>
    <subfield code="q">2024-11-29</subfield>
    <subfield code="r">2024-02-21 18:07:45</subfield>
    <subfield code="s">2024-02-21</subfield>
    <subfield code="w">2024-01-23</subfield>
    <subfield code="y">TXB</subfield>
  </datafield>
  <datafield tag="952" ind1=" " ind2=" ">
    <subfield code="0">0</subfield>
    <subfield code="1">0</subfield>
    <subfield code="2">ddc</subfield>
    <subfield code="4">0</subfield>
    <subfield code="7">0</subfield>
    <subfield code="a">12.28</subfield>
    <subfield code="b">12.28</subfield>
    <subfield code="d">2018-01-17</subfield>
    <subfield code="l">1</subfield>
    <subfield code="o">P Year 6 500</subfield>
    <subfield code="p">00032704SSW</subfield>
    <subfield code="q">2024-11-29</subfield>
    <subfield code="r">2024-02-21 21:14:14</subfield>
    <subfield code="s">2024-02-21</subfield>
    <subfield code="w">2024-01-23</subfield>
    <subfield code="y">TXB</subfield>
  </datafield>
  <datafield tag="952" ind1=" " ind2=" ">
    <subfield code="0">0</subfield>
    <subfield code="1">0</subfield>
    <subfield code="2">ddc</subfield>
    <subfield code="4">0</subfield>
    <subfield code="7">0</subfield>
    <subfield code="a">12.28</subfield>
    <subfield code="b">12.28</subfield>
    <subfield code="d">2018-01-17</subfield>
    <subfield code="l">1</subfield>
    <subfield code="o">P Year 6 500</subfield>
    <subfield code="p">00032707SSW</subfield>
    <subfield code="q">2024-11-29</subfield>
    <subfield code="r">2024-02-21 21:03:03</subfield>
    <subfield code="s">2024-02-21</subfield>
    <subfield code="w">2024-01-23</subfield>
    <subfield code="y">TXB</subfield>
  </datafield>
  <datafield tag="952" ind1=" " ind2=" ">
    <subfield code="0">0</subfield>
    <subfield code="1">0</subfield>
    <subfield code="2">ddc</subfield>
    <subfield code="4">0</subfield>
    <subfield code="7">0</subfield>
    <subfield code="a">12.28</subfield>
    <subfield code="b">12.28</subfield>
    <subfield code="d">2018-01-17</subfield>
    <subfield code="l">1</subfield>
    <subfield code="o">P Year 6 500</subfield>
    <subfield code="p">00032712SSW</subfield>
    <subfield code="q">2024-11-29</subfield>
    <subfield code="r">2024-02-21 18:16:29</subfield>
    <subfield code="s">2024-02-21</subfield>
    <subfield code="w">2024-01-23</subfield>
    <subfield code="y">TXB</subfield>
  </datafield>
  <datafield tag="952" ind1=" " ind2=" ">
    <subfield code="0">0</subfield>
    <subfield code="1">0</subfield>
    <subfield code="2">ddc</subfield>
    <subfield code="4">0</subfield>
    <subfield code="7">0</subfield>
    <subfield code="a">12.28</subfield>
    <subfield code="b">12.28</subfield>
    <subfield code="d">2018-01-17</subfield>
    <subfield code="l">1</subfield>
    <subfield code="o">P Year 6 500</subfield>
    <subfield code="p">00032715SSW</subfield>
    <subfield code="q">2024-11-29</subfield>
    <subfield code="r">2024-02-21 20:06:37</subfield>
    <subfield code="s">2024-02-21</subfield>
    <subfield code="w">2024-01-23</subfield>
    <subfield code="y">TXB</subfield>
  </datafield>
  <datafield tag="952" ind1=" " ind2=" ">
    <subfield code="0">0</subfield>
    <subfield code="1">0</subfield>
    <subfield code="2">ddc</subfield>
    <subfield code="4">0</subfield>
    <subfield code="7">0</subfield>
    <subfield code="a">12.28</subfield>
    <subfield code="b">12.28</subfield>
    <subfield code="d">2018-01-17</subfield>
    <subfield code="l">1</subfield>
    <subfield code="o">P Year 6 500</subfield>
    <subfield code="p">00032720SSW</subfield>
    <subfield code="q">2024-11-29</subfield>
    <subfield code="r">2024-02-21 20:57:29</subfield>
    <subfield code="s">2024-02-21</subfield>
    <subfield code="w">2024-01-23</subfield>
    <subfield code="y">TXB</subfield>
  </datafield>
  <datafield tag="952" ind1=" " ind2=" ">
    <subfield code="0">0</subfield>
    <subfield code="1">0</subfield>
    <subfield code="2">ddc</subfield>
    <subfield code="4">0</subfield>
    <subfield code="7">0</subfield>
    <subfield code="a">12.27</subfield>
    <subfield code="b">12.27</subfield>
    <subfield code="d">2018-01-17</subfield>
    <subfield code="l">1</subfield>
    <subfield code="o">AP Year 6 500 JOH</subfield>
    <subfield code="p">00032723AGC</subfield>
    <subfield code="q">2024-11-29</subfield>
    <subfield code="r">2024-02-19 17:51:15</subfield>
    <subfield code="s">2024-02-19</subfield>
    <subfield code="w">2024-01-23</subfield>
    <subfield code="y">TXB</subfield>
  </datafield>
  <datafield tag="952" ind1=" " ind2=" ">
    <subfield code="0">0</subfield>
    <subfield code="1">0</subfield>
    <subfield code="2">ddc</subfield>
    <subfield code="4">0</subfield>
    <subfield code="7">0</subfield>
    <subfield code="a">12.28</subfield>
    <subfield code="b">12.28</subfield>
    <subfield code="d">2018-01-17</subfield>
    <subfield code="l">1</subfield>
    <subfield code="o">P Year 6 500</subfield>
    <subfield code="p">00032728SSW</subfield>
    <subfield code="q">2024-11-29</subfield>
    <subfield code="r">2024-02-21 19:21:37</subfield>
    <subfield code="s">2024-02-21</subfield>
    <subfield code="w">2024-01-23</subfield>
    <subfield code="y">TXB</subfield>
  </datafield>
  <datafield tag="952" ind1=" " ind2=" ">
    <subfield code="0">0</subfield>
    <subfield code="1">0</subfield>
    <subfield code="2">ddc</subfield>
    <subfield code="4">0</subfield>
    <subfield code="7">0</subfield>
    <subfield code="a">12.27</subfield>
    <subfield code="b">12.27</subfield>
    <subfield code="d">2018-01-17</subfield>
    <subfield code="l">1</subfield>
    <subfield code="o">AP Year 6 500 JOH</subfield>
    <subfield code="p">00032731AGC</subfield>
    <subfield code="r">2024-06-28 13:21:46</subfield>
    <subfield code="s">2024-02-27</subfield>
    <subfield code="w">2024-01-23</subfield>
    <subfield code="y">TXB</subfield>
  </datafield>
  <datafield tag="952" ind1=" " ind2=" ">
    <subfield code="0">0</subfield>
    <subfield code="1">0</subfield>
    <subfield code="2">ddc</subfield>
    <subfield code="4">0</subfield>
    <subfield code="7">0</subfield>
    <subfield code="a">12.27</subfield>
    <subfield code="b">12.27</subfield>
    <subfield code="d">2018-01-17</subfield>
    <subfield code="l">1</subfield>
    <subfield code="o">AP Year 6 500 JOH</subfield>
    <subfield code="p">00032736AGC</subfield>
    <subfield code="q">2024-11-29</subfield>
    <subfield code="r">2024-04-02 13:06:57</subfield>
    <subfield code="s">2024-04-02</subfield>
    <subfield code="w">2024-01-23</subfield>
    <subfield code="y">TXB</subfield>
  </datafield>
  <datafield tag="952" ind1=" " ind2=" ">
    <subfield code="0">0</subfield>
    <subfield code="1">0</subfield>
    <subfield code="2">ddc</subfield>
    <subfield code="4">0</subfield>
    <subfield code="7">0</subfield>
    <subfield code="a">12.28</subfield>
    <subfield code="b">12.28</subfield>
    <subfield code="d">2016-10-11</subfield>
    <subfield code="l">1</subfield>
    <subfield code="o">P Year 6 500</subfield>
    <subfield code="p">00024791SSW</subfield>
    <subfield code="q">2024-11-29</subfield>
    <subfield code="r">2024-02-21 17:59:38</subfield>
    <subfield code="s">2024-02-21</subfield>
    <subfield code="w">2024-01-23</subfield>
    <subfield code="y">TXB</subfield>
  </datafield>
  <datafield tag="952" ind1=" " ind2=" ">
    <subfield code="0">0</subfield>
    <subfield code="1">0</subfield>
    <subfield code="2">ddc</subfield>
    <subfield code="4">0</subfield>
    <subfield code="7">0</subfield>
    <subfield code="a">12.28</subfield>
    <subfield code="b">12.28</subfield>
    <subfield code="d">2016-10-11</subfield>
    <subfield code="l">1</subfield>
    <subfield code="o">P Year 6 500</subfield>
    <subfield code="p">00024790SSW</subfield>
    <subfield code="q">2024-11-29</subfield>
    <subfield code="r">2024-02-21 19:14:52</subfield>
    <subfield code="s">2024-02-21</subfield>
    <subfield code="w">2024-01-23</subfield>
    <subfield code="y">TXB</subfield>
  </datafield>
  <datafield tag="952" ind1=" " ind2=" ">
    <subfield code="0">0</subfield>
    <subfield code="1">0</subfield>
    <subfield code="2">ddc</subfield>
    <subfield code="4">0</subfield>
    <subfield code="7">0</subfield>
    <subfield code="a">12.28</subfield>
    <subfield code="b">12.28</subfield>
    <subfield code="d">2021-02-11</subfield>
    <subfield code="l">0</subfield>
    <subfield code="o">P Year 6 500</subfield>
    <subfield code="p">00052976SSW</subfield>
    <subfield code="r">2024-01-23 14:45:22</subfield>
    <subfield code="w">2024-01-23</subfield>
    <subfield code="y">TXB</subfield>
  </datafield>
  <datafield tag="952" ind1=" " ind2=" ">
    <subfield code="0">0</subfield>
    <subfield code="1">0</subfield>
    <subfield code="2">ddc</subfield>
    <subfield code="4">0</subfield>
    <subfield code="7">0</subfield>
    <subfield code="a">12.28</subfield>
    <subfield code="b">12.28</subfield>
    <subfield code="d">2021-02-11</subfield>
    <subfield code="l">1</subfield>
    <subfield code="o">P Year 6 500</subfield>
    <subfield code="p">00052977SSW</subfield>
    <subfield code="q">2024-11-29</subfield>
    <subfield code="r">2024-02-21 21:43:27</subfield>
    <subfield code="s">2024-02-21</subfield>
    <subfield code="w">2024-01-23</subfield>
    <subfield code="y">TXB</subfield>
  </datafield>
  <datafield tag="952" ind1=" " ind2=" ">
    <subfield code="0">0</subfield>
    <subfield code="1">0</subfield>
    <subfield code="2">ddc</subfield>
    <subfield code="4">0</subfield>
    <subfield code="7">0</subfield>
    <subfield code="a">12.27</subfield>
    <subfield code="b">12.27</subfield>
    <subfield code="d">2020-11-16</subfield>
    <subfield code="l">2</subfield>
    <subfield code="o">AP Year 6 500 JOH</subfield>
    <subfield code="p">00051107AGC</subfield>
    <subfield code="q">2024-11-29</subfield>
    <subfield code="r">2024-04-02 13:17:18</subfield>
    <subfield code="s">2024-04-02</subfield>
    <subfield code="w">2024-01-23</subfield>
    <subfield code="y">TXB</subfield>
    <subfield code="u"></subfield>
  </datafield>
  <datafield tag="952" ind1=" " ind2=" ">
    <subfield code="0">0</subfield>
    <subfield code="1">0</subfield>
    <subfield code="2">ddc</subfield>
    <subfield code="4">0</subfield>
    <subfield code="7">0</subfield>
    <subfield code="a">12.28</subfield>
    <subfield code="b">12.28</subfield>
    <subfield code="d">2020-11-16</subfield>
    <subfield code="l">1</subfield>
    <subfield code="o">P Year 6 500</subfield>
    <subfield code="p">00051108SSW</subfield>
    <subfield code="q">2024-11-29</subfield>
    <subfield code="r">2024-02-21 18:05:50</subfield>
    <subfield code="s">2024-02-21</subfield>
    <subfield code="w">2024-01-23</subfield>
    <subfield code="y">TXB</subfield>
  </datafield>
  <datafield tag="952" ind1=" " ind2=" ">
    <subfield code="0">0</subfield>
    <subfield code="1">0</subfield>
    <subfield code="2">ddc</subfield>
    <subfield code="4">0</subfield>
    <subfield code="7">0</subfield>
    <subfield code="a">12.27</subfield>
    <subfield code="b">12.27</subfield>
    <subfield code="d">2020-11-16</subfield>
    <subfield code="l">0</subfield>
    <subfield code="o">AP Year 6 500 JOH</subfield>
    <subfield code="p">00051109AGC</subfield>
    <subfield code="r">2024-01-23 14:45:22</subfield>
    <subfield code="w">2024-01-23</subfield>
    <subfield code="y">TXB</subfield>
  </datafield>
  <datafield tag="952" ind1=" " ind2=" ">
    <subfield code="0">0</subfield>
    <subfield code="1">0</subfield>
    <subfield code="2">ddc</subfield>
    <subfield code="4">0</subfield>
    <subfield code="7">0</subfield>
    <subfield code="a">12.28</subfield>
    <subfield code="b">12.28</subfield>
    <subfield code="d">2020-11-16</subfield>
    <subfield code="l">1</subfield>
    <subfield code="o">P Year 6 500</subfield>
    <subfield code="p">00051110SSW</subfield>
    <subfield code="q">2024-11-29</subfield>
    <subfield code="r">2024-02-21 18:06:23</subfield>
    <subfield code="s">2024-02-21</subfield>
    <subfield code="w">2024-01-23</subfield>
    <subfield code="y">TXB</subfield>
  </datafield>
  <datafield tag="952" ind1=" " ind2=" ">
    <subfield code="0">0</subfield>
    <subfield code="1">0</subfield>
    <subfield code="2">ddc</subfield>
    <subfield code="4">0</subfield>
    <subfield code="7">0</subfield>
    <subfield code="a">12.28</subfield>
    <subfield code="b">12.28</subfield>
    <subfield code="d">2020-11-16</subfield>
    <subfield code="l">1</subfield>
    <subfield code="o">P Year 6 500</subfield>
    <subfield code="p">00051111SSW</subfield>
    <subfield code="q">2024-11-29</subfield>
    <subfield code="r">2024-02-21 17:57:50</subfield>
    <subfield code="s">2024-02-21</subfield>
    <subfield code="w">2024-01-23</subfield>
    <subfield code="y">TXB</subfield>
  </datafield>
  <datafield tag="952" ind1=" " ind2=" ">
    <subfield code="0">0</subfield>
    <subfield code="1">0</subfield>
    <subfield code="2">ddc</subfield>
    <subfield code="4">0</subfield>
    <subfield code="7">0</subfield>
    <subfield code="a">12.28</subfield>
    <subfield code="b">12.28</subfield>
    <subfield code="d">2020-11-16</subfield>
    <subfield code="l">1</subfield>
    <subfield code="o">P Year 6 500</subfield>
    <subfield code="p">00051112SSW</subfield>
    <subfield code="q">2024-11-29</subfield>
    <subfield code="r">2024-02-21 21:42:16</subfield>
    <subfield code="s">2024-02-21</subfield>
    <subfield code="w">2024-01-23</subfield>
    <subfield code="y">TXB</subfield>
  </datafield>
  <datafield tag="952" ind1=" " ind2=" ">
    <subfield code="0">0</subfield>
    <subfield code="1">0</subfield>
    <subfield code="2">ddc</subfield>
    <subfield code="4">0</subfield>
    <subfield code="7">0</subfield>
    <subfield code="a">12.28</subfield>
    <subfield code="b">12.28</subfield>
    <subfield code="d">2020-11-16</subfield>
    <subfield code="l">0</subfield>
    <subfield code="o">P Year 6 500</subfield>
    <subfield code="p">00051113SSW</subfield>
    <subfield code="r">2024-01-23 14:45:22</subfield>
    <subfield code="w">2024-01-23</subfield>
    <subfield code="y">TXB</subfield>
  </datafield>
  <datafield tag="952" ind1=" " ind2=" ">
    <subfield code="0">0</subfield>
    <subfield code="1">0</subfield>
    <subfield code="2">ddc</subfield>
    <subfield code="4">0</subfield>
    <subfield code="7">0</subfield>
    <subfield code="a">12.27</subfield>
    <subfield code="b">12.27</subfield>
    <subfield code="d">2020-11-16</subfield>
    <subfield code="l">2</subfield>
    <subfield code="o">AP Year 6 500 JOH</subfield>
    <subfield code="p">00051114AGC</subfield>
    <subfield code="q">2024-11-29</subfield>
    <subfield code="r">2024-02-19 17:39:21</subfield>
    <subfield code="s">2024-02-19</subfield>
    <subfield code="w">2024-01-23</subfield>
    <subfield code="y">TXB</subfield>
  </datafield>
  <datafield tag="952" ind1=" " ind2=" ">
    <subfield code="0">0</subfield>
    <subfield code="1">0</subfield>
    <subfield code="2">ddc</subfield>
    <subfield code="4">0</subfield>
    <subfield code="7">0</subfield>
    <subfield code="a">12.28</subfield>
    <subfield code="b">12.28</subfield>
    <subfield code="d">2020-11-16</subfield>
    <subfield code="l">0</subfield>
    <subfield code="o">P Year 6 500</subfield>
    <subfield code="p">00051115SSW</subfield>
    <subfield code="r">2024-01-23 14:45:22</subfield>
    <subfield code="w">2024-01-23</subfield>
    <subfield code="y">TXB</subfield>
  </datafield>
  <datafield tag="952" ind1=" " ind2=" ">
    <subfield code="0">0</subfield>
    <subfield code="1">0</subfield>
    <subfield code="2">ddc</subfield>
    <subfield code="4">0</subfield>
    <subfield code="7">0</subfield>
    <subfield code="a">12.28</subfield>
    <subfield code="b">12.28</subfield>
    <subfield code="d">2020-11-16</subfield>
    <subfield code="l">1</subfield>
    <subfield code="o">P Year 6 500</subfield>
    <subfield code="p">00051116SSW</subfield>
    <subfield code="q">2024-11-29</subfield>
    <subfield code="r">2024-02-21 18:01:05</subfield>
    <subfield code="s">2024-02-21</subfield>
    <subfield code="w">2024-01-23</subfield>
    <subfield code="y">TXB</subfield>
  </datafield>
  <datafield tag="952" ind1=" " ind2=" ">
    <subfield code="0">0</subfield>
    <subfield code="1">0</subfield>
    <subfield code="2">ddc</subfield>
    <subfield code="4">0</subfield>
    <subfield code="7">0</subfield>
    <subfield code="a">12.28</subfield>
    <subfield code="b">12.28</subfield>
    <subfield code="d">2020-11-16</subfield>
    <subfield code="l">1</subfield>
    <subfield code="o">P Year 6 500</subfield>
    <subfield code="p">00051117SSW</subfield>
    <subfield code="q">2024-11-29</subfield>
    <subfield code="r">2024-02-21 17:38:17</subfield>
    <subfield code="s">2024-02-21</subfield>
    <subfield code="w">2024-01-23</subfield>
    <subfield code="y">TXB</subfield>
  </datafield>
  <datafield tag="952" ind1=" " ind2=" ">
    <subfield code="0">0</subfield>
    <subfield code="1">0</subfield>
    <subfield code="2">ddc</subfield>
    <subfield code="4">0</subfield>
    <subfield code="7">0</subfield>
    <subfield code="a">12.28</subfield>
    <subfield code="b">12.28</subfield>
    <subfield code="d">2020-11-16</subfield>
    <subfield code="l">1</subfield>
    <subfield code="o">P Year 6 500</subfield>
    <subfield code="p">00051118SSW</subfield>
    <subfield code="q">2024-11-29</subfield>
    <subfield code="r">2024-02-21 19:19:20</subfield>
    <subfield code="s">2024-02-21</subfield>
    <subfield code="w">2024-01-23</subfield>
    <subfield code="y">TXB</subfield>
  </datafield>
  <datafield tag="952" ind1=" " ind2=" ">
    <subfield code="0">0</subfield>
    <subfield code="1">0</subfield>
    <subfield code="2">ddc</subfield>
    <subfield code="4">0</subfield>
    <subfield code="7">0</subfield>
    <subfield code="a">12.28</subfield>
    <subfield code="b">12.28</subfield>
    <subfield code="d">2022-12-20</subfield>
    <subfield code="l">1</subfield>
    <subfield code="o">P Year 6 500 TER</subfield>
    <subfield code="p">00059526SSW</subfield>
    <subfield code="q">2024-11-29</subfield>
    <subfield code="r">2024-02-21 21:42:48</subfield>
    <subfield code="s">2024-02-21</subfield>
    <subfield code="w">2024-01-23</subfield>
    <subfield code="y">TXB</subfield>
  </datafield>
  <datafield tag="952" ind1=" " ind2=" ">
    <subfield code="0">0</subfield>
    <subfield code="1">0</subfield>
    <subfield code="2">ddc</subfield>
    <subfield code="4">0</subfield>
    <subfield code="7">0</subfield>
    <subfield code="a">12.28</subfield>
    <subfield code="b">12.28</subfield>
    <subfield code="d">2022-12-20</subfield>
    <subfield code="l">1</subfield>
    <subfield code="o">P Year 6 500 TER</subfield>
    <subfield code="p">00059527SSW</subfield>
    <subfield code="r">2024-06-28 14:19:42</subfield>
    <subfield code="s">2024-02-21</subfield>
    <subfield code="w">2024-01-23</subfield>
    <subfield code="y">TXB</subfield>
  </datafield>
  <datafield tag="952" ind1=" " ind2=" ">
    <subfield code="0">0</subfield>
    <subfield code="1">0</subfield>
    <subfield code="2">ddc</subfield>
    <subfield code="4">0</subfield>
    <subfield code="7">0</subfield>
    <subfield code="a">12.28</subfield>
    <subfield code="b">12.28</subfield>
    <subfield code="d">2023-03-13</subfield>
    <subfield code="l">1</subfield>
    <subfield code="o">P Year 6 [E] JOH</subfield>
    <subfield code="p">00061010SSW</subfield>
    <subfield code="q">2024-11-29</subfield>
    <subfield code="r">2024-02-22 14:32:58</subfield>
    <subfield code="s">2024-02-22</subfield>
    <subfield code="w">2024-01-23</subfield>
    <subfield code="y">TXB</subfield>
  </datafield>
  <datafield tag="952" ind1=" " ind2=" ">
    <subfield code="0">0</subfield>
    <subfield code="1">0</subfield>
    <subfield code="2">ddc</subfield>
    <subfield code="4">0</subfield>
    <subfield code="7">0</subfield>
    <subfield code="a">12.28</subfield>
    <subfield code="b">12.28</subfield>
    <subfield code="d">2023-03-13</subfield>
    <subfield code="l">0</subfield>
    <subfield code="o">P Year 6 [E] JOH</subfield>
    <subfield code="p">00061011SSW</subfield>
    <subfield code="r">2024-01-23 14:45:22</subfield>
    <subfield code="w">2024-01-23</subfield>
    <subfield code="y">TXB</subfield>
    <subfield code="u"></subfield>
  </datafield>
  <datafield tag="952" ind1=" " ind2=" ">
    <subfield code="0">0</subfield>
    <subfield code="1">0</subfield>
    <subfield code="2">ddc</subfield>
    <subfield code="4">0</subfield>
    <subfield code="7">0</subfield>
    <subfield code="a">12.27</subfield>
    <subfield code="b">12.27</subfield>
    <subfield code="d">2023-03-13</subfield>
    <subfield code="l">2</subfield>
    <subfield code="o">AP Year 6 [E] JOH</subfield>
    <subfield code="p">00061012AGC</subfield>
    <subfield code="q">2024-11-29</subfield>
    <subfield code="r">2024-04-02 13:24:15</subfield>
    <subfield code="s">2024-04-02</subfield>
    <subfield code="w">2024-01-23</subfield>
    <subfield code="y">TXB</subfield>
    <subfield code="u"></subfield>
  </datafield>
  <datafield tag="952" ind1=" " ind2=" ">
    <subfield code="0">0</subfield>
    <subfield code="1">0</subfield>
    <subfield code="2">ddc</subfield>
    <subfield code="4">0</subfield>
    <subfield code="7">0</subfield>
    <subfield code="a">12.28</subfield>
    <subfield code="b">12.28</subfield>
    <subfield code="d">2023-03-13</subfield>
    <subfield code="l">0</subfield>
    <subfield code="o">P Year 6 [E] JOH</subfield>
    <subfield code="p">00061013SSW</subfield>
    <subfield code="r">2024-01-23 14:45:22</subfield>
    <subfield code="w">2024-01-23</subfield>
    <subfield code="y">TXB</subfield>
  </datafield>
  <datafield tag="952" ind1=" " ind2=" ">
    <subfield code="0">0</subfield>
    <subfield code="1">0</subfield>
    <subfield code="2">ddc</subfield>
    <subfield code="4">0</subfield>
    <subfield code="7">0</subfield>
    <subfield code="a">12.28</subfield>
    <subfield code="b">12.28</subfield>
    <subfield code="d">2023-03-13</subfield>
    <subfield code="l">1</subfield>
    <subfield code="o">P Year 6 [E] JOH</subfield>
    <subfield code="p">00061014SSW</subfield>
    <subfield code="q">2024-11-29</subfield>
    <subfield code="r">2024-02-22 14:50:47</subfield>
    <subfield code="s">2024-02-22</subfield>
    <subfield code="w">2024-01-23</subfield>
    <subfield code="y">TXB</subfield>
  </datafield>
  <datafield tag="952" ind1=" " ind2=" ">
    <subfield code="0">0</subfield>
    <subfield code="1">0</subfield>
    <subfield code="2">ddc</subfield>
    <subfield code="4">0</subfield>
    <subfield code="7">0</subfield>
    <subfield code="a">12.28</subfield>
    <subfield code="b">12.28</subfield>
    <subfield code="d">2023-03-13</subfield>
    <subfield code="l">1</subfield>
    <subfield code="o">P Year 6 [E] JOH</subfield>
    <subfield code="p">00061015SSW</subfield>
    <subfield code="q">2024-11-29</subfield>
    <subfield code="r">2024-02-22 14:52:52</subfield>
    <subfield code="s">2024-02-22</subfield>
    <subfield code="w">2024-01-23</subfield>
    <subfield code="y">TXB</subfield>
  </datafield>
  <datafield tag="952" ind1=" " ind2=" ">
    <subfield code="0">0</subfield>
    <subfield code="1">0</subfield>
    <subfield code="2">ddc</subfield>
    <subfield code="4">0</subfield>
    <subfield code="7">0</subfield>
    <subfield code="a">12.27</subfield>
    <subfield code="b">12.27</subfield>
    <subfield code="d">2023-03-13</subfield>
    <subfield code="l">0</subfield>
    <subfield code="o">AP Year 6 [E] JOH</subfield>
    <subfield code="p">00061016AGC</subfield>
    <subfield code="r">2024-01-23 14:45:23</subfield>
    <subfield code="w">2024-01-23</subfield>
    <subfield code="y">TXB</subfield>
    <subfield code="u"></subfield>
  </datafield>
  <datafield tag="952" ind1=" " ind2=" ">
    <subfield code="0">0</subfield>
    <subfield code="1">0</subfield>
    <subfield code="2">ddc</subfield>
    <subfield code="4">0</subfield>
    <subfield code="7">0</subfield>
    <subfield code="a">12.28</subfield>
    <subfield code="b">12.28</subfield>
    <subfield code="d">2023-03-13</subfield>
    <subfield code="l">1</subfield>
    <subfield code="o">P Year 6 [E] JOH</subfield>
    <subfield code="p">00061017SSW</subfield>
    <subfield code="q">2024-11-29</subfield>
    <subfield code="r">2024-02-22 14:47:02</subfield>
    <subfield code="s">2024-02-22</subfield>
    <subfield code="w">2024-01-23</subfield>
    <subfield code="y">TXB</subfield>
  </datafield>
  <datafield tag="952" ind1=" " ind2=" ">
    <subfield code="0">0</subfield>
    <subfield code="1">0</subfield>
    <subfield code="2">ddc</subfield>
    <subfield code="4">0</subfield>
    <subfield code="7">0</subfield>
    <subfield code="a">12.28</subfield>
    <subfield code="b">12.28</subfield>
    <subfield code="d">2023-03-13</subfield>
    <subfield code="l">0</subfield>
    <subfield code="o">P Year 6 [E] JOH</subfield>
    <subfield code="p">00061018SSW</subfield>
    <subfield code="r">2024-01-23 14:45:23</subfield>
    <subfield code="w">2024-01-23</subfield>
    <subfield code="y">TXB</subfield>
  </datafield>
  <datafield tag="952" ind1=" " ind2=" ">
    <subfield code="0">0</subfield>
    <subfield code="1">0</subfield>
    <subfield code="2">ddc</subfield>
    <subfield code="4">0</subfield>
    <subfield code="7">0</subfield>
    <subfield code="a">12.28</subfield>
    <subfield code="b">12.28</subfield>
    <subfield code="d">2023-03-13</subfield>
    <subfield code="l">0</subfield>
    <subfield code="o">P Year 6 [E] JOH</subfield>
    <subfield code="p">00061019SSW</subfield>
    <subfield code="r">2024-01-23 14:45:23</subfield>
    <subfield code="w">2024-01-23</subfield>
    <subfield code="y">TXB</subfield>
  </datafield>
  <datafield tag="952" ind1=" " ind2=" ">
    <subfield code="0">0</subfield>
    <subfield code="1">0</subfield>
    <subfield code="2">ddc</subfield>
    <subfield code="4">0</subfield>
    <subfield code="7">0</subfield>
    <subfield code="a">12.28</subfield>
    <subfield code="b">12.28</subfield>
    <subfield code="d">2023-03-13</subfield>
    <subfield code="l">0</subfield>
    <subfield code="o">P Year 6 [E] JOH</subfield>
    <subfield code="p">00061020SSW</subfield>
    <subfield code="r">2024-01-23 14:45:23</subfield>
    <subfield code="w">2024-01-23</subfield>
    <subfield code="y">TXB</subfield>
  </datafield>
  <datafield tag="952" ind1=" " ind2=" ">
    <subfield code="0">0</subfield>
    <subfield code="1">0</subfield>
    <subfield code="2">ddc</subfield>
    <subfield code="4">0</subfield>
    <subfield code="7">0</subfield>
    <subfield code="a">12.28</subfield>
    <subfield code="b">12.28</subfield>
    <subfield code="d">2023-03-13</subfield>
    <subfield code="l">0</subfield>
    <subfield code="o">P Year 6 [E] JOH</subfield>
    <subfield code="p">00061021SSW</subfield>
    <subfield code="r">2024-01-23 14:45:23</subfield>
    <subfield code="w">2024-01-23</subfield>
    <subfield code="y">TXB</subfield>
  </datafield>
  <datafield tag="952" ind1=" " ind2=" ">
    <subfield code="0">0</subfield>
    <subfield code="1">0</subfield>
    <subfield code="2">ddc</subfield>
    <subfield code="4">0</subfield>
    <subfield code="7">0</subfield>
    <subfield code="a">12.28</subfield>
    <subfield code="b">12.28</subfield>
    <subfield code="d">2023-03-13</subfield>
    <subfield code="l">0</subfield>
    <subfield code="o">P Year 6 [E] JOH</subfield>
    <subfield code="p">00061022SSW</subfield>
    <subfield code="r">2024-01-23 14:45:23</subfield>
    <subfield code="w">2024-01-23</subfield>
    <subfield code="y">TXB</subfield>
  </datafield>
  <datafield tag="952" ind1=" " ind2=" ">
    <subfield code="0">0</subfield>
    <subfield code="1">0</subfield>
    <subfield code="2">ddc</subfield>
    <subfield code="4">0</subfield>
    <subfield code="7">0</subfield>
    <subfield code="a">12.28</subfield>
    <subfield code="b">12.28</subfield>
    <subfield code="d">2023-03-13</subfield>
    <subfield code="l">0</subfield>
    <subfield code="o">P Year 6 [E] JOH</subfield>
    <subfield code="p">00061023SSW</subfield>
    <subfield code="r">2024-01-23 14:45:23</subfield>
    <subfield code="w">2024-01-23</subfield>
    <subfield code="y">TXB</subfield>
  </datafield>
  <datafield tag="952" ind1=" " ind2=" ">
    <subfield code="0">0</subfield>
    <subfield code="1">0</subfield>
    <subfield code="2">ddc</subfield>
    <subfield code="4">0</subfield>
    <subfield code="7">0</subfield>
    <subfield code="a">12.28</subfield>
    <subfield code="b">12.28</subfield>
    <subfield code="d">2023-03-13</subfield>
    <subfield code="l">0</subfield>
    <subfield code="o">P Year 6 [E] JOH</subfield>
    <subfield code="p">00061024SSW</subfield>
    <subfield code="r">2024-01-23 14:45:23</subfield>
    <subfield code="w">2024-01-23</subfield>
    <subfield code="y">TXB</subfield>
  </datafield>
  <datafield tag="952" ind1=" " ind2=" ">
    <subfield code="0">0</subfield>
    <subfield code="1">0</subfield>
    <subfield code="2">ddc</subfield>
    <subfield code="4">0</subfield>
    <subfield code="7">0</subfield>
    <subfield code="a">12.27</subfield>
    <subfield code="b">12.27</subfield>
    <subfield code="d">2023-03-13</subfield>
    <subfield code="l">2</subfield>
    <subfield code="o">AP Year 6 [E] JOH</subfield>
    <subfield code="p">00061025AGC</subfield>
    <subfield code="q">2024-11-29</subfield>
    <subfield code="r">2024-04-02 13:26:21</subfield>
    <subfield code="s">2024-04-02</subfield>
    <subfield code="w">2024-01-23</subfield>
    <subfield code="y">TXB</subfield>
    <subfield code="u"></subfield>
  </datafield>
  <datafield tag="952" ind1=" " ind2=" ">
    <subfield code="0">0</subfield>
    <subfield code="1">0</subfield>
    <subfield code="2">ddc</subfield>
    <subfield code="4">0</subfield>
    <subfield code="7">0</subfield>
    <subfield code="a">12.28</subfield>
    <subfield code="b">12.28</subfield>
    <subfield code="d">2023-03-13</subfield>
    <subfield code="l">0</subfield>
    <subfield code="o">P Year 6 [E] JOH</subfield>
    <subfield code="p">00061026SSW</subfield>
    <subfield code="r">2024-01-23 14:45:23</subfield>
    <subfield code="w">2024-01-23</subfield>
    <subfield code="y">TXB</subfield>
  </datafield>
  <datafield tag="952" ind1=" " ind2=" ">
    <subfield code="0">0</subfield>
    <subfield code="1">0</subfield>
    <subfield code="2">ddc</subfield>
    <subfield code="4">0</subfield>
    <subfield code="7">0</subfield>
    <subfield code="a">12.28</subfield>
    <subfield code="b">12.28</subfield>
    <subfield code="d">2023-03-13</subfield>
    <subfield code="l">1</subfield>
    <subfield code="o">P Year 6 [E] JOH</subfield>
    <subfield code="p">00061027SSW</subfield>
    <subfield code="q">2024-11-29</subfield>
    <subfield code="r">2024-02-22 14:47:43</subfield>
    <subfield code="s">2024-02-22</subfield>
    <subfield code="w">2024-01-23</subfield>
    <subfield code="y">TXB</subfield>
  </datafield>
  <datafield tag="952" ind1=" " ind2=" ">
    <subfield code="0">0</subfield>
    <subfield code="1">0</subfield>
    <subfield code="2">ddc</subfield>
    <subfield code="4">0</subfield>
    <subfield code="7">0</subfield>
    <subfield code="a">12.28</subfield>
    <subfield code="b">12.28</subfield>
    <subfield code="d">2023-03-13</subfield>
    <subfield code="l">1</subfield>
    <subfield code="o">P Year 6 [E] JOH</subfield>
    <subfield code="p">00061028SSW</subfield>
    <subfield code="q">2024-11-29</subfield>
    <subfield code="r">2024-02-22 14:53:29</subfield>
    <subfield code="s">2024-02-22</subfield>
    <subfield code="w">2024-01-23</subfield>
    <subfield code="y">TXB</subfield>
  </datafield>
  <datafield tag="952" ind1=" " ind2=" ">
    <subfield code="0">0</subfield>
    <subfield code="1">0</subfield>
    <subfield code="2">ddc</subfield>
    <subfield code="4">0</subfield>
    <subfield code="7">0</subfield>
    <subfield code="a">12.28</subfield>
    <subfield code="b">12.28</subfield>
    <subfield code="d">2024-03-15</subfield>
    <subfield code="l">0</subfield>
    <subfield code="o">P Year 6 500 JOH</subfield>
    <subfield code="p">791050857SSW</subfield>
    <subfield code="r">2024-03-15 17:19:15</subfield>
    <subfield code="w">2024-03-15</subfield>
    <subfield code="y">BK</subfield>
    <subfield code="u"></subfield>
  </datafield>
  <datafield tag="952" ind1=" " ind2=" ">
    <subfield code="0">0</subfield>
    <subfield code="1">0</subfield>
    <subfield code="2">ddc</subfield>
    <subfield code="4">0</subfield>
    <subfield code="7">0</subfield>
    <subfield code="a">12.28</subfield>
    <subfield code="b">12.28</subfield>
    <subfield code="d">2024-03-15</subfield>
    <subfield code="l">0</subfield>
    <subfield code="o">P Year 6 500 JOH</subfield>
    <subfield code="p">7910508589SSW</subfield>
    <subfield code="r">2024-03-15 17:19:15</subfield>
    <subfield code="w">2024-03-15</subfield>
    <subfield code="y">TXB</subfield>
    <subfield code="u"></subfield>
  </datafield>
  <datafield tag="952" ind1=" " ind2=" ">
    <subfield code="0">0</subfield>
    <subfield code="1">0</subfield>
    <subfield code="2">ddc</subfield>
    <subfield code="4">0</subfield>
    <subfield code="7">0</subfield>
    <subfield code="a">12.28</subfield>
    <subfield code="b">12.28</subfield>
    <subfield code="d">2024-03-15</subfield>
    <subfield code="l">0</subfield>
    <subfield code="o">P Year 6 500 JOH</subfield>
    <subfield code="p">7910508596SSW</subfield>
    <subfield code="r">2024-03-15 17:19:15</subfield>
    <subfield code="w">2024-03-15</subfield>
    <subfield code="y">BK</subfield>
    <subfield code="u"></subfield>
  </datafield>
  <datafield tag="952" ind1=" " ind2=" ">
    <subfield code="0">0</subfield>
    <subfield code="1">0</subfield>
    <subfield code="2">ddc</subfield>
    <subfield code="4">0</subfield>
    <subfield code="7">0</subfield>
    <subfield code="a">12.28</subfield>
    <subfield code="b">12.28</subfield>
    <subfield code="d">2024-03-15</subfield>
    <subfield code="l">0</subfield>
    <subfield code="o">P Year 6 500 JOH</subfield>
    <subfield code="p">7910508602SSW</subfield>
    <subfield code="r">2024-03-15 17:19:15</subfield>
    <subfield code="w">2024-03-15</subfield>
    <subfield code="y">TXB</subfield>
    <subfield code="u"></subfield>
  </datafield>
  <datafield tag="952" ind1=" " ind2=" ">
    <subfield code="0">0</subfield>
    <subfield code="1">0</subfield>
    <subfield code="2">ddc</subfield>
    <subfield code="4">0</subfield>
    <subfield code="7">0</subfield>
    <subfield code="a">12.28</subfield>
    <subfield code="b">12.28</subfield>
    <subfield code="d">2024-03-15</subfield>
    <subfield code="l">0</subfield>
    <subfield code="o">P Year 6 500 JOH</subfield>
    <subfield code="p">7910508619SSW</subfield>
    <subfield code="r">2024-03-15 17:19:15</subfield>
    <subfield code="w">2024-03-15</subfield>
    <subfield code="y">TXB</subfield>
    <subfield code="u"></subfield>
  </datafield>
  <datafield tag="952" ind1=" " ind2=" ">
    <subfield code="0">0</subfield>
    <subfield code="1">0</subfield>
    <subfield code="2">ddc</subfield>
    <subfield code="4">0</subfield>
    <subfield code="7">0</subfield>
    <subfield code="a">12.28</subfield>
    <subfield code="b">12.28</subfield>
    <subfield code="d">2024-03-15</subfield>
    <subfield code="l">0</subfield>
    <subfield code="o">P Year 6 500 JOH</subfield>
    <subfield code="p">7910508626SSW</subfield>
    <subfield code="r">2024-03-15 17:19:15</subfield>
    <subfield code="w">2024-03-15</subfield>
    <subfield code="y">TXB</subfield>
    <subfield code="u"></subfield>
  </datafield>
  <datafield tag="952" ind1=" " ind2=" ">
    <subfield code="0">0</subfield>
    <subfield code="1">0</subfield>
    <subfield code="2">ddc</subfield>
    <subfield code="4">0</subfield>
    <subfield code="7">0</subfield>
    <subfield code="a">12.28</subfield>
    <subfield code="b">12.28</subfield>
    <subfield code="d">2024-03-15</subfield>
    <subfield code="l">0</subfield>
    <subfield code="o">P Year 6 500 JOH</subfield>
    <subfield code="p">7910508633SSW</subfield>
    <subfield code="r">2024-03-15 17:19:15</subfield>
    <subfield code="w">2024-03-15</subfield>
    <subfield code="y">TXB</subfield>
    <subfield code="u"></subfield>
  </datafield>
  <datafield tag="952" ind1=" " ind2=" ">
    <subfield code="0">0</subfield>
    <subfield code="1">0</subfield>
    <subfield code="2">ddc</subfield>
    <subfield code="4">0</subfield>
    <subfield code="7">0</subfield>
    <subfield code="a">12.27</subfield>
    <subfield code="b">12.27</subfield>
    <subfield code="d">2024-03-19</subfield>
    <subfield code="l">0</subfield>
    <subfield code="o">AP Year 6 500 JOH</subfield>
    <subfield code="p">7910508763AGC</subfield>
    <subfield code="r">2024-03-19 17:09:48</subfield>
    <subfield code="w">2024-03-19</subfield>
    <subfield code="y">TXB</subfield>
    <subfield code="u"></subfield>
  </datafield>
  <datafield tag="952" ind1=" " ind2=" ">
    <subfield code="0">0</subfield>
    <subfield code="1">0</subfield>
    <subfield code="2">ddc</subfield>
    <subfield code="4">0</subfield>
    <subfield code="7">0</subfield>
    <subfield code="a">12.27</subfield>
    <subfield code="b">12.27</subfield>
    <subfield code="d">2024-03-19</subfield>
    <subfield code="l">0</subfield>
    <subfield code="o">AP Year 6 500 JOH</subfield>
    <subfield code="p">7910508770AGC</subfield>
    <subfield code="r">2024-03-19 17:09:48</subfield>
    <subfield code="w">2024-03-19</subfield>
    <subfield code="y">TXB</subfield>
    <subfield code="u"></subfield>
  </datafield>
  <datafield tag="952" ind1=" " ind2=" ">
    <subfield code="0">0</subfield>
    <subfield code="1">0</subfield>
    <subfield code="2">ddc</subfield>
    <subfield code="4">0</subfield>
    <subfield code="7">0</subfield>
    <subfield code="a">12.27</subfield>
    <subfield code="b">12.27</subfield>
    <subfield code="d">2024-03-19</subfield>
    <subfield code="l">0</subfield>
    <subfield code="o">AP Year 6 500 JOH</subfield>
    <subfield code="p">7910508787AGC</subfield>
    <subfield code="r">2024-03-19 17:09:48</subfield>
    <subfield code="w">2024-03-19</subfield>
    <subfield code="y">TXB</subfield>
    <subfield code="u"></subfield>
  </datafield>
  <datafield tag="952" ind1=" " ind2=" ">
    <subfield code="0">0</subfield>
    <subfield code="1">0</subfield>
    <subfield code="2">ddc</subfield>
    <subfield code="4">0</subfield>
    <subfield code="7">0</subfield>
    <subfield code="a">12.27</subfield>
    <subfield code="b">12.27</subfield>
    <subfield code="d">2024-03-19</subfield>
    <subfield code="l">0</subfield>
    <subfield code="o">AP Year 6 500 JOH</subfield>
    <subfield code="p">7910508794AGC</subfield>
    <subfield code="r">2024-03-19 17:09:48</subfield>
    <subfield code="w">2024-03-19</subfield>
    <subfield code="y">TXB</subfield>
    <subfield code="u"></subfield>
  </datafield>
  <datafield tag="952" ind1=" " ind2=" ">
    <subfield code="0">0</subfield>
    <subfield code="1">0</subfield>
    <subfield code="2">ddc</subfield>
    <subfield code="4">0</subfield>
    <subfield code="7">0</subfield>
    <subfield code="a">12.27</subfield>
    <subfield code="b">12.27</subfield>
    <subfield code="d">2024-03-19</subfield>
    <subfield code="l">0</subfield>
    <subfield code="o">AP Year 6 500 JOH</subfield>
    <subfield code="p">7910508800AGC</subfield>
    <subfield code="r">2024-03-19 17:09:48</subfield>
    <subfield code="w">2024-03-19</subfield>
    <subfield code="y">TXB</subfield>
    <subfield code="u"></subfield>
  </datafield>
  <datafield tag="999" ind1=" " ind2=" ">
    <subfield code="c">110802</subfield>
    <subfield code="d">110802</subfield>
  </datafield>
</record>
